Premier League players of the 00s - Statistics

General Stats
  • This quiz has been taken 29 times
  • The average score is 469 of 1861
Answer Stats
Ranking Player Positions Nationality Matches Goals (assists) Periods Clubs % Correct
679 Paul Gerrard GK 49 0 (0) 2000-2002, 2006-2007
100%
10 Steven Gerrard MF 325 79 (59) 2000-2010
100%
110 Andy Cole FW 191 64 (30) 2000-2008
95%
38 Ashley Cole DF 266 14 (18) 2000-2010
95%
127 Carlton Cole FW 178 37 (20) 2001-2010
95%
7 David James GK 329 0 (0) 2000-2010
95%
1 Frank Lampard MF 350 112 (82) 2000-2010
95%
76 Gary Neville DF 226 3 (18) 2000-2006, 2008-2010
95%
1363 Ibrahim Ba MF 9 0 (0) 2003-2004
95%
803 FW 36 6 (4) 2008-2010
95%
32 Joe Cole MF 279 36 (33) 2000-2010
95%
17 John Terry DF 303 19 (9) 2000-2010
95%
838 Karl Henry DF, MF 34 0 (0) 2009-2010
95%
29 Paul Scholes MF 284 60 (31) 2000-2010
95%
20 Phil Neville DF, MF 298 7 (15) 2000-2010
95%
597 Ricardo Vaz Tê MF, FW 58 3 (4) 2003-2009
95%
21 Ryan Giggs MF, FW 298 49 (84) 2000-2010
95%
94 Stephen Carr DF 203 5 (8) 2000-2001, 2002-2007, 2009-2010
95%
82 Thierry Henry FW 223 157 (66) 2000-2007
95%
474 Alan Wright DF 72 1 (6) 2000-2003, 2006-2007
89%
101 Cristiano Ronaldo MF, FW 196 84 (34) 2003-2009
89%
30 Edwin van der Sar GK 280 0 (0) 2001-2010
89%
61 James Milner DF, MF 241 22 (36) 2002-2010
89%
2 Jamie Carragher DF, MF 343 1 (11) 2000-2010
89%
524 Jermaine Wright DF, MF 66 3 (3) 2000-2002
89%
449 Michael Ball DF 77 3 (1) 2000-2001, 2006-2009
89%
77 Peter Crouch FW 225 58 (34) 2001-2010
89%
313 Richard Wright GK 108 0 (1) 2000-2007
89%
738 Stephen Wright DF 42 0 (1) 2000-2002, 2005-2006
89%
1097 Steve Howard FW 20 1 (3) 2007-2008
89%
107 Tim Howard GK 193 0 (2) 2003-2010
89%
45 Wayne Rooney MF, FW 256 106 (49) 2002-2010
89%
80 Alan Smith MF, FW 224 34 (25) 2000-2009
84%
198 Anton Ferdinand DF 144 4 (4) 2005-2010
84%
203 Ashley Young DF, FW 143 26 (34) 2006-2010
84%
116 Cesc Fàbregas MF, FW 187 32 (59) 2004-2010
84%
1228 David Wright DF 14 0 (0) 2005-2007
84%
742 Eduardo da Silva FW 41 8 (7) 2007-2008, 2009-2010
84%
437 Fernando Torres FW 79 56 (10) 2007-2010
84%
330 Gary Cahill DF 103 9 (5) 2005-2010
84%
137 Gilberto Silva DF, MF 170 17 (11) 2002-2008
84%
659 Henning Berg DF 51 2 (2) 2000-2003
84%
1402 Kasper Schmeichel GK 8 0 (0) 2007-2009
84%
359 Kenwyne Jones FW 96 26 (11) 2004-2005, 2007-2010
84%
269 Les Ferdinand FW 119 36 (7) 2000-2005
84%
25 Luke Young DF 295 6 (6) 2000-2010
84%
35 Michael Carrick MF 279 17 (29) 2000-2002, 2004-2010
84%
89 Michael Owen FW 211 99 (13) 2000-2003, 2005-2010
84%
227 Ole Gunnar Solskjær FW 133 43 (21) 2000-2003, 2005-2007
84%
301 Paul Jones GK 111 0 (0) 2000-2004
84%
596 Peter Schmeichel GK 58 1 (0) 2001-2003
84%
1373 Phil Jones DF, MF 9 0 (0) 2009-2010
84%
27 Rio Ferdinand DF 287 8 (6) 2000-2010
84%
24 Robbie Keane FW 296 109 (33) 2000-2010
84%
209 Roy Keane MF 141 9 (18) 2000-2006
84%
152 Tim Cahill MF, FW 164 45 (17) 2004-2010
84%
688 Tommy Smith MF, FW 48 2 (4) 2006-2007, 2009-2010
84%
1856 Tommy Wright GK 1 0 (0) 2000-2001
84%
1857 Tommy Wright FW 1 0 (0) 2001-2002
84%
812 Tony Adams DF 36 1 (2) 2000-2002
84%
393 Adam Johnson MF 86 3 (6) 2005-2010
79%
114 Alan Shearer FW 188 84 (18) 2000-2006
79%
1732 Anderson Silva MF 1 0 (0) 2006-2007
79%
213 Andrew Johnson FW 137 45 (13) 2004-2005, 2006-2010
79%
1299 Andy Campbell FW 11 0 (1) 2000-2002
79%
552 Andy Johnson MF 62 1 (2) 2002-2003, 2004-2006
79%
270 Antonio Valencia DF, MF 118 12 (14) 2006-2010
79%
829 Brad Jones GK 34 0 (0) 2003-2009
79%
362 Collins John FW 95 20 (3) 2003-2008
79%
63 Damien Duff MF, FW 239 40 (36) 2001-2010
79%
163 Damien Johnson MF 157 3 (7) 2001-2005, 2007-2008, 2009-2010
79%
1602 Dan Smith DF 3 0 (0) 2005-2006
79%
1254 Darío Silva FW 13 2 (0) 2005-2006
79%
379 David Beckham MF 90 26 (28) 2000-2003
79%
1227 David Johnson FW 14 0 (1) 2000-2001
79%
832 David Jones MF 34 2 (2) 2007-2008, 2009-2010
79%
139 Dennis Bergkamp FW 168 30 (44) 2000-2006
79%
228 Dwight Yorke MF, FW 132 25 (9) 2000-2004, 2007-2009
79%
1391 Eddie Johnson FW 8 0 (0) 2007-2008, 2009-2010
79%
146 Glen Johnson DF 166 10 (17) 2002-2010
79%
1784 Jay O'Shea MF 1 0 (0) 2009-2010
79%
1785 Jeff Smith DF, MF 1 0 (0) 2001-2002
79%
192 Jens Lehmann GK 147 0 (1) 2003-2008
79%
1786 Jimmy Smith MF 1 0 (0) 2005-2006
79%
394 Joe Hart GK 86 0 (0) 2006-2010
79%
1789 Johann Smith DF, FW 1 0 (0) 2006-2007
79%
65 John O'Shea DF, MF 236 10 (9) 2001-2010
79%
167 Kevin Campbell FW 156 30 (9) 2000-2006
79%
44 Kolo Touré DF 256 10 (8) 2002-2010
79%
1406 Marek Čech DF 8 0 (1) 2008-2009
79%
995 Matt Jones MF 25 1 (0) 2000-2002
79%
1316 Michael Duff DF 11 0 (0) 2009-2010
79%
793 Michael Johnson MF 37 2 (4) 2006-2010
79%
1367 Michael Johnson DF 9 0 (0) 2002-2003, 2007-2008
79%
245 Nemanja Vidić DF 126 9 (2) 2005-2010
79%
70 Nicky Butt DF, MF 233 13 (9) 2000-2009
79%
51 Nicolas Anelka FW 246 93 (31) 2001-2004, 2006-2010
79%
1194 Paulo da Silva DF 16 0 (0) 2009-2010
79%
1480 Paul Smith GK 6 0 (0) 2004-2005
79%
121 Petr Čech GK 184 0 (1) 2004-2010
79%
113 Robert Pirès MF, FW 189 62 (41) 2000-2006
79%
231 Robin van Persie FW 131 48 (23) 2004-2010
79%
781 Roger Johnson DF 38 0 (1) 2009-2010
79%
31 Sami Hyypiä DF 280 20 (6) 2000-2009
79%
406 Seth Johnson MF, FW 85 4 (10) 2000-2004
79%
1532 Simon Johnson MF 5 0 (0) 2002-2004
79%
42 Sol Campbell DF, FW 262 12 (6) 2000-2010
79%
551 Stern John FW 63 10 (5) 2002-2004, 2007-2008
79%
612 Andrew Davies DF 55 0 (0) 2002-2009
74%
1738 Ben Roberts GK 1 0 (0) 2002-2003
74%
1271 Bjørn Helge Riise MF 12 0 (0) 2009-2010
74%
1748 César Martín DF 1 0 (0) 2006-2007
74%
1252 Chris Brown FW 13 1 (1) 2005-2006
74%
1656 Chris Wood FW 2 0 (0) 2008-2009
74%
304 Clint Dempsey MF, FW 110 21 (6) 2006-2010
74%
417 Curtis Davies DF 82 5 (1) 2005-2006, 2007-2010
74%
477 Darren Williams DF 72 0 (0) 2000-2003
74%
322 Dean Richards DF 105 5 (2) 2000-2004
74%
145 Didier Drogba FW 166 84 (40) 2004-2010
74%
221 Dimitar Berbatov FW 134 48 (32) 2006-2010
74%
208 Dirk Kuyt DF, MF, FW 141 36 (19) 2006-2010
74%
1302 DJ Campbell FW 11 0 (0) 2005-2006
74%
233 Emmanuel Adebayor FW 130 60 (18) 2005-2010
74%
723 Fraizer Campbell FW 43 5 (4) 2007-2010
74%
691 Gareth Bale MF, FW 47 5 (5) 2007-2010
74%
309 Gianfranco Zola FW 109 26 (15) 2000-2003
74%
1185 Jaap Stam DF 16 0 (0) 2000-2002
74%
129 Jason Roberts FW 175 31 (15) 2002-2003, 2005-2010
74%
1472 Jemal Johnson MF, FW 6 0 (0) 2004-2006
74%
28 Jermain Defoe FW 286 98 (23) 2000-2010
74%
1308 Jermaine Johnson MF, FW 11 0 (0) 2001-2003
74%
69 John Arne Riise DF, MF 234 21 (24) 2001-2008
74%
1791 John Johnson DF 1 0 (0) 2008-2009
74%
13 Kevin Davies FW 306 58 (41) 2000-2010
74%
90 Kevin Phillips FW 209 62 (20) 2000-2005, 2009-2010
74%
181 Laurent Robert MF, FW 150 23 (32) 2001-2005, 2007-2008
74%
1805 Lee Martin MF, FW 1 0 (0) 2008-2009
74%
1365 Lilian Martin DF 9 0 (1) 2000-2001
74%
583 Luka Modrić MF 59 6 (9) 2008-2010
74%
956 Mark Davies MF 27 0 (2) 2008-2010
74%
256 Micah Richards DF 123 5 (3) 2005-2010
74%
132 Michael Brown MF 173 4 (9) 2003-2010
74%
262 Milan Baroš FW 122 28 (11) 2002-2008
74%
969 Owen Hargreaves MF 26 2 (2) 2007-2010
74%
151 Patrick Vieira MF 164 20 (20) 2000-2004, 2009-2010
74%
122 Pepe Reina GK 182 0 (4) 2005-2010
74%
218 Ricardo Carvalho DF 135 7 (4) 2004-2010
74%
1583 Rodrigo Beckham MF 4 0 (0) 2002-2003
74%
5 Shay Given GK 335 0 (0) 2000-2010
74%
41 Simon Davies MF 264 23 (31) 2000-2010
74%
401 Theo Walcott MF, FW 86 9 (10) 2006-2010
74%
91 Wes Brown DF 209 3 (8) 2000-2010
74%
207 Xabi Alonso MF 143 14 (17) 2004-2009
74%
11 Aaron Hughes DF 316 2 (11) 2000-2010
68%
505 Alex DF 68 5 (2) 2007-2010
68%
611 Anderson MF 55 1 (2) 2007-2010
68%
1033 Andy Carroll FW 22 3 (1) 2006-2009
68%
235 Bryan Hughes MF 128 10 (6) 2002-2006, 2008-2009
68%
1273 Carl Fletcher MF 12 1 (0) 2005-2006
68%
249 Carlos Tevez MF, FW 124 49 (19) 2006-2010
68%
153 Darren Fletcher MF 163 14 (13) 2003-2010
68%
374 Fabien Barthez GK 92 0 (0) 2000-2003
68%
1610 Gareth Williams MF 3 0 (0) 2006-2007
68%
1364 Jason Brown GK 9 0 (0) 2006-2007, 2008-2010
68%
85 Jimmy Floyd Hasselbaink FW 219 93 (39) 2000-2007
68%
64 Ledley King DF, MF 237 10 (8) 2000-2010
68%
911 Mark Hughes FW 30 1 (0) 2000-2002
68%
1812 Mark Hughes DF 1 0 (0) 2006-2007
68%
541 Marlon King FW 64 12 (3) 2006-2010
68%
1281 Matt Le Tissier MF, FW 12 1 (0) 2000-2002
68%
325 Michael Ballack MF 105 16 (10) 2006-2010
68%
808 Michael Hughes MF 36 2 (2) 2004-2005
68%
1449 Mikel Alonso MF 7 0 (0) 2007-2008
68%
224 Patrice Evra DF 134 1 (8) 2005-2010
68%
502 Paul Williams DF 69 0 (3) 2000-2003
68%
284 Richard Hughes MF 114 0 (0) 2003-2010
68%
123 Robbie Fowler FW 180 54 (16) 2000-2006, 2008-2009
68%
367 Roy Carroll GK 94 0 (1) 2001-2008
68%
1837 Russell Anderson DF 1 0 (0) 2007-2008
68%
96 Sean Davis MF 202 11 (15) 2001-2010
68%
1148 Stephen Hughes MF 18 0 (1) 2000-2001
68%
750 Steve Brown DF 41 2 (0) 2000-2003
68%
288 Steven Davis MF 113 5 (3) 2004-2008
68%
828 Steven Fletcher FW 35 8 (5) 2009-2010
68%
131 Teddy Sheringham FW 174 54 (20) 2000-2003, 2005-2007
68%
1536 Wayne Brown DF 5 0 (0) 2000-2001, 2008-2009
68%
1860 Wayne Brown MF 1 0 (0) 2008-2009
68%
402 Alexandre Song DF, MF 85 2 (2) 2005-2010
63%
579 Aliou Cissé DF, MF 59 1 (1) 2002-2006
63%
731 Andrey Arshavin MF, FW 42 16 (6) 2008-2010
63%
681 Andriy Shevchenko FW 48 9 (7) 2006-2007, 2009-2010
63%
3 Brad Friedel GK 337 1 (0) 2001-2010
63%
1746 Callum McManaman MF, FW 1 0 (0) 2008-2009
63%
754 Claude Davis DF 40 0 (0) 2006-2008
63%
52 Craig Bellamy FW 245 73 (27) 2000-2010
63%
1389 Danny Welbeck MF, FW 8 1 (0) 2008-2010
63%
409 Djibril Cissé FW 84 23 (2) 2004-2005, 2008-2009
63%
983 Édouard Cissé MF 25 0 (0) 2002-2003
63%
6 Emile Heskey FW 333 70 (34) 2000-2010
63%
615 Emmanuel Petit DF, MF 55 2 (9) 2001-2004
63%
99 Freddie Ljungberg MF, FW 199 41 (27) 2000-2008
63%
4 Gareth Barry MF 335 40 (45) 2000-2010
63%
452 Ian Walker GK 76 0 (0) 2000-2001, 2003-2004
63%
352 Javier Mascherano DF, MF 98 1 (2) 2006-2010
63%
241 Jerzy Dudek GK 127 0 (0) 2001-2007
63%
307 John Obi Mikel MF 110 0 (6) 2006-2010
63%
670 Jonny Evans DF 50 0 (0) 2007-2010
63%
1041 Kalifa Cissé DF, MF 22 1 (1) 2007-2008
63%
866 Kelvin Davis GK 33 0 (0) 2005-2006
63%
1685 Kyle Walker DF, MF 2 0 (0) 2009-2010
63%
120 Lauren DF 184 7 (8) 2000-2008
63%
1024 Lee Hughes FW 23 0 (0) 2002-2003
63%
156 Leighton Baines DF 162 5 (15) 2005-2010
63%
447 Luis García MF 77 18 (11) 2004-2007
63%
327 Marcel Desailly DF, MF 104 5 (3) 2000-2004
63%
895 Marc Wilson DF, MF 31 0 (1) 2008-2010
63%
1191 Mark Wilson MF 16 0 (0) 2001-2003
63%
55 Mikaël Silvestre DF 244 9 (19) 2000-2010
63%
205 Mikel Arteta MF 143 24 (31) 2004-2010
63%
971 Rigobert Song DF 26 0 (0) 2000-2002
63%
128 Robert Green GK 178 0 (0) 2004-2005, 2006-2010
63%
183 Ruud van Nistelrooy FW 150 95 (14) 2001-2006
63%
46 Scott Parker MF 253 17 (15) 2000-2010
63%
827 Steve McManaman MF 35 0 (1) 2003-2005
63%
1381 Adam Green DF 8 0 (1) 2003-2005
58%
513 Arjen Robben MF, FW 67 15 (16) 2004-2007
58%
1177 Ched Evans FW 16 1 (1) 2008-2009
58%
1655 Chris Black MF 2 0 (0) 2002-2003
58%
199 Claude Makélélé MF 144 2 (4) 2003-2008
58%
15 Danny Murphy MF 304 45 (43) 2000-2010
58%
135 Darren Bent FW 171 74 (11) 2001-2002, 2005-2010
58%
119 David Dunn MF 184 32 (19) 2001-2010
58%
951 David Murphy DF 27 1 (2) 2001-2002, 2007-2008
58%
385 David Seaman GK 88 0 (0) 2000-2004
58%
531 Denis Irwin DF 65 0 (4) 2000-2001, 2003-2004
58%
639 Diego Forlán MF, FW 53 10 (6) 2001-2005
58%
100 Eiður Guðjohnsen MF, FW 197 55 (27) 2000-2005, 2009-2010
58%
267 Emmanuel Eboué DF, MF 119 3 (14) 2004-2010
58%
1767 Gareth Evans DF 1 0 (0) 2000-2001
58%
140 Harry Kewell MF, FW 168 36 (23) 2000-2008
58%
1432 Henrik Larsson FW 7 1 (0) 2006-2007
58%
1617 Jimmy Walker GK 3 0 (0) 2005-2006
58%
1438 Josh Walker MF 7 0 (0) 2005-2006, 2008-2009
58%
594 Juan Sebastián Verón MF 58 9 (4) 2001-2004
58%
1802 Kieran Lee DF, MF 1 0 (0) 2006-2007
58%
736 Lee Dixon DF 42 1 (2) 2000-2002
58%
102 Marcus Bent FW 196 35 (13) 2001-2002, 2003-2008
58%
8 Mark Schwarzer GK 329 0 (1) 2000-2010
58%
560 Nani MF, FW 62 7 (17) 2007-2010
58%
342 Park Ji-sung MF 101 13 (14) 2005-2010
58%
727 Richard Garcia MF, FW 43 1 (2) 2001-2002, 2008-2010
58%
1347 Richard Lee GK 10 0 (0) 2006-2007
58%
664 Rob Lee MF 51 1 (3) 2000-2002
58%
489 Sebastian Larsson MF 71 10 (7) 2005-2006, 2007-2008, 2009-2010
58%
763 Stefan Schwarz DF, MF 40 2 (7) 2000-2002
58%
588 Vincent Kompany DF 59 3 (3) 2008-2010
58%
49 Wayne Bridge DF 248 2 (17) 2000-2010
58%
43 William Gallas DF 260 24 (3) 2001-2010
58%
1722 Williams Martínez DF 2 1 (0) 2005-2006
58%
170 Yossi Benayoun MF 155 26 (20) 2005-2010
58%
814 Alf-Inge Haaland DF, MF 35 3 (1) 2000-2001
53%
884 Armand Traoré DF, MF 31 1 (1) 2007-2010
53%
349 Bacary Sagna DF 99 1 (8) 2007-2010
53%
870 Bradley Wright-Phillips FW 32 2 (0) 2004-2006
53%
709 Branislav Ivanović DF 44 1 (6) 2008-2010
53%
1464 Carl Robinson MF 6 0 (0) 2003-2004, 2005-2006
53%
478 Daryl Murphy MF, FW 72 5 (4) 2005-2006, 2007-2010
53%
86 Dietmar Hamann MF 217 7 (19) 2000-2009
53%
292 Djimi Traoré DF 112 0 (1) 2000-2001, 2002-2008
53%
81 El Hadji Diouf MF, FW 223 28 (22) 2002-2010
53%
375 Fabrice Fernandes MF 92 5 (9) 2001-2006
53%
1553 Frazer Richardson DF 4 0 (0) 2003-2004
53%
171 Gaël Clichy DF 154 1 (7) 2003-2010
53%
111 Gareth Southgate DF 191 6 (7) 2000-2006
53%
724 Gelson Fernandes MF 43 3 (0) 2007-2009
53%
1275 Gerard Piqué DF 12 0 (0) 2005-2006, 2007-2008
53%
532 Heurelho Gomes GK 65 0 (0) 2008-2010
53%
508 Jamie Redknapp MF 68 5 (4) 2001-2005
53%
250 Jay-Jay Okocha MF 124 14 (11) 2002-2006
53%
1676 Joe Murphy GK 2 0 (0) 2002-2003
53%
155 Joey Barton MF 162 17 (19) 2002-2009
53%
495 John Robinson MF 70 3 (4) 2000-2003
53%
230 Kieran Richardson DF, MF 131 13 (7) 2002-2003, 2004-2010
53%
1804 Leam Richardson DF 1 0 (0) 2001-2002
53%
1517 Mame Biram Diouf DF, MF, FW 5 1 (0) 2009-2010
53%
894 Manuel Fernandes MF 31 2 (3) 2006-2008
53%
411 Martin Keown DF, MF 84 0 (2) 2000-2004
53%
636 Martin Škrtel DF 54 1 (2) 2007-2010
53%
276 Michael Essien DF, MF 116 14 (7) 2005-2010
53%
75 Nwankwo Kanu FW 230 36 (23) 2000-2010
53%
370 Paul Ince MF 93 6 (5) 2000-2001, 2003-2004
53%
22 Paul Robinson GK 297 1 (4) 2000-2001, 2002-2010
53%
257 Paul Robinson DF 123 1 (5) 2004-2005, 2008-2010
53%
287 Scott Carson GK 113 0 (2) 2003-2004, 2006-2009
53%
47 Shaun Wright-Phillips MF, FW 253 31 (31) 2000-2001, 2002-2010
53%
689 Warren Barton DF 48 0 (1) 2000-2002
53%
180 Aaron Lennon MF, FW 150 15 (27) 2003-2004, 2005-2010
47%
943 Aaron Ramsey MF 27 3 (4) 2008-2010
47%
371 Abou Diaby MF 92 12 (7) 2005-2010
47%
1461 Alex Bruce DF 6 0 (0) 2005-2006
47%
372 Andrew Taylor DF, MF 92 0 (1) 2005-2009
47%
574 Andy Dawson DF 60 2 (3) 2008-2010
47%
391 Clinton Morrison FW 87 14 (7) 2002-2006
47%
831 Daniel Sturridge MF, FW 34 6 (3) 2006-2010
47%
741 Dean Sturridge FW 41 7 (5) 2000-2001, 2003-2004
47%
721 Deco MF 43 5 (4) 2008-2010
47%
757 Edgar Davids MF 40 1 (2) 2005-2007
47%
479 Fitz Hall DF, FW 72 2 (0) 2003-2004, 2006-2008
47%
403 Florent Malouda MF, FW 85 20 (13) 2007-2010
47%
50 Gary Speed MF 247 29 (21) 2000-2008
47%
1056 Giles Barnes MF, FW 21 1 (1) 2007-2008
47%
293 Gus Poyet MF 112 29 (15) 2000-2004
47%
888 Hendry Thomas MF 31 0 (0) 2009-2010
47%
675 Hernán Crespo FW 49 20 (1) 2003-2004, 2005-2006
47%
593 Ian Taylor MF 58 7 (4) 2000-2003
47%
1778 Jack Robinson DF 1 0 (0) 2009-2010
47%
1186 Jack Wilshere MF 16 1 (1) 2008-2010
47%
355 James Morrison MF, FW 97 6 (11) 2003-2006, 2008-2009
47%
472 Jerome Thomas MF, FW 73 7 (6) 2003-2006, 2008-2009
47%
141 Jonathan Woodgate DF 168 4 (3) 2000-2003, 2006-2010
47%
837 Jordan Henderson MF 34 1 (5) 2008-2010
47%
9 Jussi Jääskeläinen GK 326 0 (2) 2001-2010
47%
1342 Lloyd Sam MF 10 0 (0) 2004-2007
47%
87 Louis Saha FW 217 73 (18) 2001-2010
47%
154 Maik Taylor GK 163 0 (0) 2001-2005, 2007-2008, 2009-2010
47%
1064 Marcus Hall DF 21 0 (0) 2000-2001
47%
62 Mark Viduka FW 240 92 (28) 2000-2009
47%
1697 Marvin Robinson FW 2 1 (0) 2001-2002
47%
74 Matthew Taylor DF, MF 231 37 (18) 2003-2010
47%
1165 Maxi Rodríguez MF, FW 17 1 (3) 2009-2010
47%
194 Michael Dawson DF 146 5 (5) 2004-2010
47%
143 Michael Gray DF, MF 167 2 (5) 2000-2007
47%
1215 Neil Lennon MF 15 0 (3) 2000-2001
47%
392 Obafemi Martins FW 87 28 (7) 2006-2009
47%
606 Pablo Zabaleta DF, MF 56 1 (3) 2008-2010
47%
26 Richard Dunne DF 291 10 (4) 2000-2001, 2002-2010
47%
1012 Richard Shaw DF 24 0 (0) 2000-2001
47%
749 Robinho MF, FW 41 14 (8) 2008-2010
47%
473 Ronny Johnsen DF 73 3 (0) 2000-2005
47%
420 Ryan Babel MF, FW 82 11 (5) 2007-2010
47%
528 Ryan Taylor DF, MF 66 6 (6) 2005-2009
47%
286 Salomon Kalou MF, FW 113 25 (19) 2006-2010
47%
624 Samir Nasri MF, FW 55 8 (6) 2008-2010
47%
1646 Séamus Coleman DF, MF 3 0 (1) 2009-2010
47%
303 Steven Taylor DF 111 7 (3) 2003-2009
47%
93 Stewart Downing MF, FW 206 19 (34) 2001-2010
47%
916 Stuart Taylor GK 30 0 (0) 2001-2002, 2005-2008
47%
1852 Theo Robinson FW 1 0 (0) 2006-2007
47%
23 Thomas Sørensen GK 297 0 (0) 2000-2006, 2008-2010
47%
1726 Alan Miller GK 1 0 (0) 2000-2001
42%
383 Alexander Hleb MF 89 7 (10) 2005-2008
42%
1049 Andy Gray FW 21 1 (1) 2005-2006
42%
1594 Andy Morrison DF 3 0 (0) 2000-2001
42%
470 Barry Ferguson MF 73 3 (2) 2003-2004, 2009-2010
42%
740 Ben Foster GK 41 0 (0) 2006-2010
42%
1541 Bob Taylor FW 4 0 (0) 2002-2003
42%
173 Boudewijn Zenden DF, FW 153 17 (13) 2001-2006, 2009-2010
42%
553 Christian Ziege DF, MF 62 8 (12) 2000-2004
42%
818 Darius Henderson FW 35 3 (0) 2006-2007
42%
423 Darren Moore DF 81 2 (1) 2002-2003, 2004-2005, 2007-2008
42%
784 David Ginola MF, FW 37 3 (4) 2000-2002
42%
253 Duncan Ferguson FW 123 23 (8) 2000-2006
42%
1551 Elliott Ward DF 4 0 (0) 2005-2006
42%
165 Gabriel Agbonlahor MF, FW 156 46 (17) 2005-2010
42%
653 Gabriel Heinze DF 52 1 (1) 2004-2007
42%
616 Gary McAllister MF 55 5 (9) 2000-2002
42%
16 George Boateng MF 304 10 (12) 2000-2010
42%
863 Graham Alexander DF, MF 33 7 (1) 2009-2010
42%
1612 Ian Henderson MF, FW 3 0 (0) 2004-2005
42%
963 Jari Litmanen MF, FW 26 5 (1) 2000-2002
42%
1673 Javier de Pedro MF 2 0 (0) 2004-2005
42%
53 Jermaine Jenas MF 245 30 (25) 2001-2010
42%
546 Jody Morris MF 63 0 (1) 2000-2004
42%
331 John Carew FW 103 37 (9) 2006-2010
42%
229 Joleon Lescott DF 131 15 (5) 2006-2010
42%
500 José Antonio Reyes MF 69 16 (21) 2003-2006
42%
735 José Bosingwa DF 42 2 (4) 2008-2010
42%
632 Julian Gray MF, FW 54 3 (2) 2004-2005, 2008-2009
42%
621 Kenny Miller FW 55 6 (2) 2003-2004, 2007-2008
42%
804 Kevin-Prince Boateng MF, FW 36 3 (2) 2007-2010
42%
124 Kieron Dyer MF 179 20 (22) 2000-2010
42%
1161 Lamine Sakho MF, FW 17 1 (1) 2003-2004
42%
685 Laurent Blanc DF, MF 48 1 (0) 2001-2003
42%
56 Lee Bowyer MF 243 32 (23) 2000-2010
42%
823 Lee Morris FW 35 4 (1) 2000-2002
42%
1570 Lloyd Dyer MF 4 0 (0) 2004-2005
42%
340 Manuel Almunia GK 101 0 (2) 2004-2005, 2006-2010
42%
448 Marcus Stewart FW 77 26 (8) 2000-2003
42%
315 Martin Taylor DF 107 4 (0) 2001-2005, 2007-2008
42%
83 Matt Upson DF 221 7 (4) 2000-2010
42%
1705 Nemanja Matić MF 2 0 (0) 2009-2010
42%
354 Nick Barmby MF, FW 98 7 (6) 2000-2003, 2008-2010
42%
316 Niko Kranjčar MF 107 15 (13) 2006-2010
42%
72 Olof Mellberg DF, MF 232 8 (4) 2001-2008
42%
586 Paul Merson MF, FW 59 8 (8) 2000-2002
42%
182 Ray Parlour MF 150 4 (1) 2000-2006
42%
1454 Roberto Di Matteo MF 7 0 (1) 2000-2001
42%
717 Roman Pavlyuchenko FW 44 10 (3) 2008-2010
42%
66 Steve Finnan DF 236 1 (14) 2001-2007, 2009-2010
42%
399 Steven Pienaar MF 86 9 (15) 2007-2010
42%
12 Sylvain Distin DF 312 5 (4) 2001-2010
42%
320 Sylvain Wiltord MF, FW 106 31 (16) 2000-2004
42%
1150 Taribo West DF 18 0 (0) 2000-2001
42%
503 Tomáš Rosický MF 69 12 (7) 2006-2007, 2009-2010
42%
917 Tommy Miller MF 30 3 (2) 2001-2002, 2005-2006
42%
729 Tore André Flo FW 43 7 (4) 2000-2001, 2002-2003
42%
1859 Ulrich Le Pen MF 1 0 (0) 2001-2002
42%
1242 Victor Moses DF, MF, FW 14 1 (3) 2009-2010
42%
637 Alun Armstrong FW 53 12 (2) 2000-2002
37%
521 Álvaro Arbeloa DF 66 2 (3) 2006-2009
37%
311 Andy Reid MF 108 7 (14) 2004-2010
37%
858 Ashley Ward FW 33 4 (4) 2000-2001
37%
407 Brede Hangeland DF 84 2 (1) 2007-2010
37%
175 Carlo Cudicini GK 152 0 (0) 2000-2010
37%
1253 Chris Smalling DF 13 0 (0) 2008-2010
37%
1420 Craig Beattie FW 7 1 (0) 2008-2009
37%
980 Craig Moore DF 25 0 (0) 2005-2007
37%
446 Daniel Agger DF 77 3 (4) 2005-2010
37%
261 Danny Collins DF 122 3 (4) 2005-2006, 2007-2010
37%
149 Danny Mills DF 165 3 (8) 2000-2008
37%
1754 Danny Rose DF, MF 1 1 (0) 2009-2010
37%
1661 Danny Ward MF, FW 2 0 (0) 2009-2010
37%
48 Darius Vassell MF, FW 248 52 (19) 2000-2009
37%
1549 Darren Ward GK 4 0 (0) 2004-2005, 2007-2008
37%
1330 David Elm FW 10 1 (1) 2009-2010
37%
177 David Unsworth DF 151 19 (10) 2000-2004, 2006-2007
37%
185 Dominic Matteo DF, MF 149 2 (4) 2000-2006
37%
487 Fábio Aurélio DF, MF 71 3 (9) 2006-2010
37%
744 Fernando Morientes FW 41 8 (5) 2004-2006
37%
523 Frank Sinclair DF 66 1 (3) 2000-2001, 2003-2004
37%
317 Gary Kelly DF 106 0 (12) 2000-2004
37%
204 Henrik Pedersen FW 143 22 (6) 2001-2007
37%
254 Ian Harte DF 123 16 (17) 2000-2003, 2007-2008
37%
872 Ishmael Miller FW 32 3 (1) 2005-2006, 2008-2009
37%
40 James Beattie FW 265 86 (27) 2000-2006, 2008-2010
37%
426 James Collins DF 81 3 (0) 2005-2010
37%
1672 James Sinclair DF, FW 2 0 (0) 2006-2007
37%
147 Jermaine Pennant MF 166 10 (26) 2002-2009
37%
380 Jimmy Bullard MF 90 14 (11) 2005-2010
37%
1618 Joel Ward DF, MF 3 0 (0) 2009-2010
37%
789 Joe-Max Moore FW 37 2 (1) 2000-2002
37%
618 Johan Elmander FW 55 8 (3) 2008-2010
37%
768 John Collins MF 39 0 (0) 2001-2003
37%
509 Jordan Stewart DF, MF 68 1 (4) 2001-2002, 2003-2004, 2006-2007
37%
1341 Landon Donovan MF, FW 10 2 (3) 2009-2010
37%
805 Liam Miller MF 36 1 (2) 2004-2005, 2007-2009
37%
68 Luís Boa Morte MF, FW 235 28 (32) 2001-2010
37%
339 Luke Moore FW 101 15 (2) 2004-2009
37%
993 Mark González MF, FW 25 2 (0) 2006-2007
37%
335 Mark Noble MF 102 10 (10) 2005-2010
37%
516 Markus Babbel DF 67 6 (6) 2000-2004
37%
1814 Martin Kelly DF, MF 1 0 (0) 2009-2010
37%
585 Martin Petrov MF, FW 59 9 (11) 2007-2010
37%
482 Matt Elliott DF 72 2 (4) 2000-2001, 2003-2004
37%
1699 Matt Mills DF 2 0 (0) 2005-2007
37%
1521 Michael Stewart MF 5 0 (0) 2000-2003
37%
109 Morten Gamst Pedersen MF, FW 192 27 (29) 2004-2010
37%
1704 Nacho González MF 2 0 (0) 2008-2009
37%
428 Nicklas Bendtner FW 81 20 (10) 2007-2010
37%
672 Nigel de Jong MF 50 0 (1) 2008-2010
37%
193 Nigel Martyn GK 147 0 (1) 2000-2001, 2003-2006
37%
57 Nolberto Solano MF 243 40 (42) 2000-2008
37%
319 Paolo Di Canio FW 106 32 (28) 2000-2004
37%
273 Patrik Berger MF 118 13 (21) 2000-2008
37%
296 Paulo Ferreira DF 112 0 (2) 2004-2010
37%
970 Phil Babb DF 26 0 (0) 2002-2003
37%
527 Philippe Senderos DF 66 4 (0) 2004-2007, 2009-2010
37%
274 Phil Jagielka DF, MF 118 5 (4) 2006-2010
37%
1712 Richie Ryan MF 2 0 (0) 2002-2003
37%
550 Robbie Elliott DF 63 2 (4) 2001-2002, 2004-2006
37%
258 Robert Huth DF 123 5 (2) 2001-2010
37%
1122 Rod Wallace FW 19 3 (2) 2001-2002
37%
78 Rory Delap MF 225 11 (13) 2000-2005, 2008-2010
37%
1071 Ross Wallace MF, FW 21 2 (2) 2007-2008
37%
1028 Scott Sinclair MF, FW 23 1 (0) 2006-2010
37%
673 Shane Long FW 50 5 (2) 2006-2008
37%
1290 Simon Elliott MF 12 0 (3) 2005-2006
37%
928 Stefan Moore FW 29 2 (0) 2002-2005
37%
201 Stéphane Henchoz DF 144 0 (1) 2000-2003, 2005-2007
37%
1172 Stephen Elliott FW 17 2 (0) 2003-2004, 2005-2006
37%
384 Stephen Kelly DF 89 2 (0) 2003-2005, 2007-2010
37%
1045 Stephen Ward DF, FW 22 0 (1) 2009-2010
37%
1292 Steve Elliott DF 12 0 (0) 2000-2002
37%
289 Steven Reid DF, MF 113 6 (7) 2003-2010
37%
232 Stiliyan Petrov MF 131 4 (4) 2006-2010
37%
187 Thomas Gravesen MF 149 11 (25) 2000-2004, 2007-2008
37%
536 Tim Sherwood MF 65 2 (4) 2000-2001, 2003-2004
37%
599 Tomasz Kuszczak GK 58 0 (0) 2004-2010
37%
133 Trevor Sinclair MF 173 21 (16) 2000-2007
37%
343 Vedran Ćorluka DF 101 2 (7) 2007-2010
37%
348 Vladimír Šmicer MF, FW 100 9 (20) 2000-2005
37%
782 Wade Elliott MF 38 4 (4) 2009-2010
37%
1535 Walter López DF, MF 5 0 (0) 2008-2009
37%
1174 Yuri Zhirkov DF, MF 17 0 (2) 2009-2010
37%
1295 Zheng Zhi DF, MF 12 1 (0) 2006-2007
37%
1101 Alan Quinn MF 19 0 (1) 2006-2007
32%
240 Anders Svensson MF 127 10 (10) 2001-2005
32%
1201 Asmir Begović GK 15 0 (0) 2008-2010
32%
975 Barry Quinn DF 25 0 (1) 2000-2001
32%
280 Benni McCarthy FW 114 37 (6) 2006-2010
32%
161 Bobby Zamora FW 157 28 (19) 2003-2004, 2005-2010
32%
530 Cameron Jerome FW 65 18 (4) 2007-2008, 2009-2010
32%
271 Celestine Babayaro DF, MF 118 2 (11) 2000-2007
32%
949 Chris Armstrong DF, MF 27 0 (0) 2006-2007
32%
1356 Chris Armstrong FW 9 2 (0) 2000-2001
32%
1004 Chris Morgan DF 24 1 (1) 2006-2007
32%
162 Claus Jensen MF 157 20 (22) 2000-2007
32%
1599 Colin Doyle GK 3 0 (0) 2007-2008
32%
476 Craig Gordon GK 72 0 (0) 2007-2010
32%
1205 Danny Simpson DF 15 0 (0) 2007-2009
32%
138 David Bentley MF 169 17 (23) 2003-2010
32%
1498 David May DF 5 0 (0) 2000-2003
32%
1301 Davor Šuker FW 11 2 (0) 2000-2001
32%
554 Dean Ashton FW 62 22 (3) 2004-2005, 2007-2009
32%
1055 Dean Gordon DF, MF 21 2 (1) 2000-2002
32%
638 Dennis Wise MF 53 4 (4) 2000-2002
32%
982 Eddie Lewis MF 25 0 (1) 2001-2002, 2007-2008
32%
1500 Fábio DF 5 0 (0) 2009-2010
32%
908 Franco Di Santo FW 30 1 (2) 2008-2010
32%
169 Gary O'Neil MF 155 15 (12) 2003-2009
32%
39 Gavin McCann MF 266 8 (8) 2000-2010
32%
1428 George Weah FW 7 1 (1) 2000-2001
32%
617 Georgios Samaras MF, FW 55 8 (7) 2005-2008
32%
1431 Giovani dos Santos MF, FW 7 0 (0) 2008-2010
32%
745 Giovanni van Bronckhorst DF, MF 41 2 (2) 2001-2003
32%
268 Graeme Le Saux DF 119 4 (17) 2000-2005
32%
1557 Grant McCann MF 4 0 (0) 2000-2002
32%
300 Ian Pearce DF 111 6 (1) 2000-2008
32%
134 Iván Campo DF, MF 172 13 (7) 2002-2008
32%
1086 James McCarthy MF 20 1 (1) 2009-2010
32%
581 Johan Djourou DF 59 0 (0) 2005-2010
32%
1087 Johnnie Jackson MF 20 1 (2) 2003-2006
32%
255 Jonathan Fortune DF 123 5 (0) 2001-2007
32%
1021 Jordi Gómez MF 23 1 (0) 2009-2010
32%
1007 Jorge Costa DF 24 0 (0) 2001-2002
32%
130 Juan Pablo Ángel FW 175 44 (14) 2000-2007
32%
1061 Junior Lewis MF 21 0 (0) 2000-2002
32%
332 Kasey Keller GK 102 0 (1) 2001-2004, 2007-2008
32%
1683 Kerrea Gilbert DF 2 0 (0) 2005-2006
32%
333 Kevin Doyle FW 102 28 (4) 2006-2007, 2009-2010
32%
14 Kevin Kilbane DF, MF 305 14 (17) 2000-2010
32%
37 Kevin Nolan MF 272 39 (17) 2001-2009
32%
1309 Kieran Gibbs DF, MF 11 0 (0) 2008-2010
32%
1624 Kyel Reid MF 3 0 (0) 2005-2006, 2007-2008
32%
105 Lee Carsley MF 194 13 (11) 2000-2007, 2009-2010
32%
108 Leon Osman MF 192 25 (13) 2002-2010
32%
441 Lucas Leiva MF 78 1 (8) 2007-2010
32%
33 Lucas Neill DF 279 6 (15) 2001-2010
32%
1261 Łukasz Fabiański GK 13 0 (0) 2007-2010
32%
1211 Manuel da Costa DF 15 2 (0) 2009-2010
32%
1630 Marc Albrighton DF, MF, FW 3 0 (0) 2009-2010
32%
1163 Marc-Antoine Fortuné FW 17 4 (2) 2008-2009
32%
334 Mark Fish DF, FW 102 3 (2) 2000-2005
32%
465 Mathias Svensson FW 74 9 (6) 2000-2005
32%
336 Mathieu Flamini MF 102 7 (7) 2004-2008
32%
806 Matt Jackson DF 36 1 (0) 2005-2007
32%
376 Michael Ricketts FW 91 21 (3) 2001-2004
32%
570 Michael Svensson DF 61 4 (2) 2002-2005
32%
488 Michael Turner DF 71 5 (0) 2008-2010
32%
365 Mido FW 94 22 (6) 2004-2010
32%
661 Mohamed Sissoko MF 51 1 (1) 2005-2008
32%
283 Muzzy Izzet MF 114 14 (17) 2000-2001, 2003-2006
32%
433 Niall Quinn FW 80 13 (5) 2000-2003
32%
678 Niclas Jensen DF 49 1 (1) 2002-2003, 2005-2006
32%
234 Papa Bouba Diop DF, MF 129 7 (5) 2004-2010
32%
879 Paul Gascoigne MF 32 1 (1) 2000-2002
32%
388 Pedro Mendes MF 88 6 (8) 2004-2008
32%
454 Quinton Fortune MF 76 3 (3) 2000-2004, 2006-2007
32%
1526 Richard Jackson DF 5 0 (0) 2000-2002
32%
913 Rohan Ricketts MF 30 1 (1) 2003-2005
32%
608 Sam Ricketts DF 56 0 (2) 2008-2010
32%
696 Sander Westerveld GK 47 0 (0) 2000-2001, 2005-2006
32%
19 Steed Malbranque MF 301 39 (52) 2001-2010
32%
520 Steffen Iversen FW 67 11 (5) 2000-2004
32%
212 Stephen Ireland MF 138 16 (18) 2005-2010
32%
1219 Stephen Quinn MF, FW 15 2 (2) 2006-2007
32%
378 Steve Sidwell MF 91 7 (8) 2006-2010
32%
302 Steve Stone MF 111 8 (12) 2000-2001, 2003-2005
32%
851 Stuart Pearce DF 34 2 (1) 2000-2001
32%
852 Sylvinho DF 34 2 (2) 2000-2001, 2009-2010
32%
215 Tal Ben Haim DF 137 1 (0) 2004-2010
32%
351 Thomas Hitzlsperger MF 99 8 (13) 2000-2005
32%
853 Tiago Mendes MF 34 4 (3) 2004-2005
32%
98 Tony Hibbert DF 201 0 (5) 2000-2010
32%
357 Tuncay Şanlı MF, FW 97 19 (8) 2007-2010
32%
1220 Wayne Quinn DF 15 0 (1) 2000-2001
32%
730 Afonso Alves MF, FW 42 10 (2) 2007-2009
26%
115 Alan Stubbs DF 187 7 (0) 2001-2008
26%
1728 Alec Chamberlain GK 1 0 (0) 2006-2007
26%
415 Alexey Smertin MF 82 2 (2) 2003-2008
26%
1155 Allan Johnston MF 17 1 (0) 2001-2002
26%
932 Andreas Johansson MF, FW 28 4 (1) 2005-2007
26%
1298 Andrei Kanchelskis DF, MF 11 0 (1) 2000-2001, 2002-2003
26%
58 Andy O'Brien DF 242 7 (2) 2000-2010
26%
197 Anthony Gardner DF 144 2 (0) 2000-2010
26%
1735 Anthony Grant DF, MF 1 0 (0) 2004-2005
26%
1737 Ben Clark DF 1 0 (0) 2002-2003
26%
600 Benito Carbone FW 57 7 (12) 2000-2002
26%
451 Benoît Assou-Ekotto DF 76 1 (4) 2006-2010
26%
492 Bernard Mendy DF, FW 70 2 (2) 2002-2003, 2008-2010
26%
771 Brian Jensen GK 38 0 (0) 2009-2010
26%
1225 Brian O'Neil MF 14 0 (0) 2000-2002
26%
485 Callum Davidson DF 71 1 (4) 2000-2001, 2003-2004
26%
753 Chris Eagles MF 40 3 (3) 2006-2007, 2009-2010
26%
118 Chris Kirkland GK 185 0 (2) 2000-2010
26%
1419 Chris McCann DF, MF 7 0 (0) 2009-2010
26%
1130 Chris Sutton DF, FW 18 2 (3) 2005-2007
26%
1750 Ciaran Clark DF, MF 1 0 (0) 2009-2010
26%
903 Colin Cameron MF 30 4 (0) 2003-2004
26%
344 Colin Cooper DF 100 4 (0) 2000-2006
26%
475 Craig Gardner MF 72 6 (2) 2005-2010
26%
408 Damien Francis MF 84 12 (3) 2004-2007
26%
1226 Danny Fox DF, MF 14 1 (1) 2009-2010
26%
1204 Danny Graham FW 15 1 (0) 2004-2007
26%
373 Darren Ambrose MF, FW 92 11 (5) 2001-2007
26%
272 Darren Anderton MF 118 9 (19) 2000-2005
26%
471 Darren Huckerby MF, FW 73 8 (7) 2000-2001, 2002-2003, 2004-2005
26%
1662 Darren Potter MF 2 0 (0) 2004-2005
26%
424 Dave Kitson FW 81 15 (6) 2006-2010
26%
538 David Batty MF 64 0 (3) 2000-2001, 2003-2004
26%
777 David N'Gog FW 38 7 (0) 2008-2010
26%
266 David Thompson MF 119 10 (12) 2000-2001, 2002-2007
26%
117 David Weir DF 186 7 (6) 2000-2007
26%
1332 Dean Saunders FW 10 0 (0) 2000-2001
26%
220 Dean Whitehead DF, MF 134 4 (8) 2005-2006, 2007-2010
26%
522 Dean Windass MF, FW 66 7 (2) 2000-2002, 2008-2009
26%
430 Denílson MF 80 7 (10) 2006-2010
26%
460 Dennis Rommedahl MF, FW 75 4 (6) 2004-2007
26%
323 Dion Dublin DF, FW 105 25 (10) 2000-2004
26%
281 Eirik Bakke MF 114 6 (5) 2000-2003, 2005-2006
26%
651 Erik Nevland FW 52 9 (6) 2007-2010
26%
960 Facundo Sava FW 26 6 (1) 2002-2004
26%
1360 Federico Macheda FW 9 3 (2) 2008-2010
26%
923 Fernando Hierro DF, MF 29 1 (1) 2004-2005
26%
418 Francis Jeffers FW 82 13 (6) 2000-2004, 2006-2007
26%
988 Frank Leboeuf DF 25 0 (0) 2000-2001
26%
216 Frédéric Kanouté FW 136 41 (15) 2000-2006
26%
1502 Gareth Grant FW 5 0 (0) 2000-2001
26%
222 Gary Naysmith DF, MF 134 6 (12) 2000-2007
26%
1397 Gary Pallister DF 8 0 (2) 2000-2001
26%
425 Geoff Horsfield FW 81 12 (5) 2002-2006
26%
191 Geremi DF, MF 147 13 (23) 2002-2009
26%
1430 Gilberto DF, MF 7 1 (0) 2007-2009
26%
580 Glenn Whelan MF 59 3 (3) 2008-2010
26%
306 Graham Stuart MF, FW 110 11 (12) 2000-2005
26%
1666 Greg Cunningham DF, MF 2 0 (0) 2009-2010
26%
801 Hámilton Ricard FW 36 4 (3) 2000-2002
26%
36 Hermann Hreiðarsson DF 278 11 (15) 2000-2001, 2003-2010
26%
1559 Iain Turner GK 4 0 (0) 2005-2007
26%
1059 Ian Nolan DF 21 0 (0) 2000-2001
26%
1337 Jacob Laursen DF 10 0 (0) 2001-2002
26%
164 James McFadden MF, FW 157 20 (10) 2003-2007, 2009-2010
26%
1160 Jamie Lawrence MF 17 1 (1) 2000-2001
26%
575 Jamie O'Hara MF 60 4 (4) 2007-2010
26%
166 Jason Euell MF, FW 156 34 (11) 2001-2007
26%
568 Jason Wilcox MF, FW 61 1 (4) 2000-2004
26%
1256 Jay Simpson MF, FW 13 1 (0) 2008-2009
26%
669 Joey O'Brien DF, MF 50 0 (3) 2004-2005, 2007-2009
26%
1276 John Hartson FW 12 6 (0) 2000-2001
26%
1436 Jon Ashton DF 7 0 (0) 2001-2002
26%
190 Jonatan Johansson FW 148 27 (9) 2000-2006
26%
84 Joseph Yobo DF 220 8 (2) 2002-2010
26%
1023 Junior Hoilett MF, FW 23 0 (0) 2009-2010
26%
223 Kenny Cunningham DF 134 0 (2) 2002-2006
26%
1799 Kevin Cooper MF 1 0 (0) 2003-2004
26%
294 Kevin Lisbie FW 112 14 (6) 2000-2007
26%
964 Kevin McDonald MF 26 1 (1) 2009-2010
26%
714 Lassana Diarra MF 44 1 (0) 2005-2009
26%
251 Lee Cattermole MF 124 4 (8) 2005-2010
26%
410 Lee Clark MF 84 6 (7) 2001-2006
26%
148 Lee Hendrie MF 166 20 (17) 2000-2007
26%
1806 Lee Roche DF 1 0 (0) 2002-2003
26%
1514 Lee Williamson MF 5 0 (1) 2006-2007
26%
1692 Liam Cooper DF 2 0 (0) 2009-2010
26%
464 Liam Lawrence MF 74 7 (5) 2005-2006, 2008-2010
26%
195 Liam Ridgewell DF 145 11 (5) 2003-2007, 2009-2010
26%
642 Lucas Radebe DF 53 0 (0) 2000-2001, 2002-2004
26%
992 Luke Chadwick MF 25 2 (2) 2000-2003
26%
1404 Maniche MF 8 0 (0) 2005-2006
26%
34 Mario Melchiot DF 279 6 (10) 2000-2005, 2007-2010
26%
1518 Mark Bosnich GK 5 0 (0) 2001-2002
26%
643 Marouane Fellaini MF 53 10 (3) 2008-2010
26%
412 Martin Laursen DF 84 8 (5) 2004-2009
26%
1447 Martin Woods MF 7 0 (0) 2005-2006
26%
994 Mateja Kežman FW 25 4 (0) 2004-2005
26%
125 Matthew Etherington MF 179 13 (22) 2000-2002, 2005-2010
26%
1698 Matt Hill DF 2 0 (0) 2009-2010
26%
95 Matt Holland MF 202 17 (12) 2000-2001, 2003-2007
26%
1068 Michael Reiziger DF 21 1 (1) 2004-2006
26%
277 Mikael Forssell FW 116 33 (8) 2001-2002, 2003-2005, 2007-2008
26%
1822 Nathan Ashton DF, MF 1 0 (0) 2007-2008
26%
1634 Nathan Doyle DF, MF 3 0 (0) 2008-2009
26%
926 Neil McCann MF 29 0 (2) 2003-2005
26%
1236 Nick Chadwick FW 14 3 (0) 2001-2005
26%
1635 Nicky Law MF 3 0 (0) 2006-2007
26%
602 Nicky Weaver GK 57 0 (0) 2000-2001, 2004-2005, 2006-2007
26%
211 Nigel Reo-Coker MF 138 7 (8) 2005-2010
26%
419 Nigel Winterburn DF 82 1 (2) 2000-2003
26%
396 Nils-Eric Johansson DF 86 0 (0) 2001-2005
26%
571 Noel Whelan FW 61 6 (1) 2000-2003
26%
845 Paddy Kenny GK 34 0 (0) 2006-2007
26%
225 Paul Dickov FW 134 33 (10) 2000-2001, 2003-2007
26%
1371 Paul Kitson FW 9 3 (0) 2000-2002
26%
18 Paul Konchesky DF, FW 303 8 (20) 2000-2010
26%
761 Radoslav Kováč DF, MF 40 3 (2) 2008-2010
26%
1010 Rafael DF, MF 24 2 (1) 2008-2010
26%
1833 Ricardo GK 1 0 (0) 2002-2003
26%
59 Ricardo Gardner DF, MF 242 10 (10) 2001-2010
26%
1834 Richard Duffy DF 1 0 (0) 2003-2004
26%
549 Robbie Blake MF, FW 63 8 (3) 2000-2001, 2004-2005, 2009-2010
26%
455 Roque Santa Cruz FW 76 26 (7) 2007-2010
26%
206 Ryan Nelsen DF 143 5 (2) 2004-2010
26%
603 Ryan Shawcross DF 57 5 (3) 2008-2010
26%
398 Salif Diao MF 86 2 (3) 2002-2005, 2008-2010
26%
1839 Sam Williamson DF, MF 1 0 (0) 2007-2008
26%
914 Scott Dann DF 30 0 (2) 2009-2010
26%
1714 Scott McDonald MF, FW 2 0 (0) 2001-2002
26%
665 Shaun Goater FW 51 13 (2) 2000-2001, 2002-2003
26%
160 Stephen Warnock DF 158 6 (12) 2004-2010
26%
168 Steve Watson DF, MF 156 15 (10) 2000-2006
26%
869 Thomas Vermaelen DF 33 7 (1) 2009-2010
26%
54 Titus Bramble DF 245 9 (3) 2000-2010
26%
106 Tomasz Radzinski FW 194 35 (21) 2001-2007
26%
314 Tom Huddlestone MF 108 6 (14) 2005-2010
26%
1854 Tom Williamson MF 1 0 (0) 2001-2002
26%
1350 Tony Grant MF 10 0 (0) 2000-2001
26%
458 Victor Anichebe FW 76 7 (5) 2005-2010
26%
1268 Wayne Hennessey GK 13 0 (1) 2009-2010
26%
414 Wilfred Bouma DF 83 1 (2) 2005-2008
26%
92 Yakubu Aiyegbeni FW 208 78 (23) 2003-2010
26%
79 Zat Knight DF 225 6 (2) 2001-2010
26%
1724 Abdisalam Ibrahim DF, MF 1 0 (0) 2009-2010
21%
609 Abel Xavier DF 55 2 (3) 2000-2002, 2005-2007
21%
1247 Adam Chambers DF, MF 13 0 (0) 2002-2003
21%
855 Adam Drury DF 33 1 (2) 2004-2005
21%
944 Adrian Mutu MF, FW 27 6 (5) 2003-2005
21%
883 Aki Riihilahti MF 31 4 (4) 2004-2005
21%
739 Alan Hutton DF 41 0 (2) 2007-2010
21%
1487 Alan O'Brien MF 5 0 (0) 2005-2007
21%
1102 Alan Rogers DF 19 0 (1) 2001-2002, 2003-2004
21%
1047 Albert Ferrer DF 21 0 (0) 2000-2003
21%
610 Albert Riera DF, FW 55 4 (6) 2005-2006, 2008-2010
21%
329 Alessandro Pistone DF 103 1 (2) 2000-2006
21%
1297 Alex Manninger GK 11 0 (0) 2000-2001
21%
434 André Ooijer DF 79 2 (2) 2006-2009
21%
947 Andriy Voronin MF, FW 27 5 (3) 2007-2008, 2009-2010
21%
1383 Andy Hunt FW 8 4 (1) 2000-2001
21%
1250 Andy Marshall GK 13 0 (0) 2001-2002
21%
1127 Antonio Núñez MF 18 0 (0) 2004-2005
21%
202 Antti Niemi GK 143 0 (0) 2002-2008
21%
974 Asier del Horno DF 25 1 (5) 2005-2006
21%
338 Benjani FW 101 23 (8) 2005-2010
21%
1596 Ben Sahar MF, FW 3 0 (0) 2006-2007
21%
252 Ben Thatcher DF 123 1 (4) 2000-2007
21%
799 Ben Watson MF 36 3 (0) 2004-2005, 2008-2010
21%
88 Brett Emerton DF, MF 215 9 (25) 2003-2010
21%
647 Brian Deane FW 52 9 (3) 2000-2001, 2003-2004
21%
188 Brian McBride FW 148 36 (9) 2002-2008
21%
1129 Carlo Nash GK 18 0 (0) 2000-2001, 2002-2005
21%
816 Carlos Edwards DF, MF 35 0 (1) 2007-2009
21%
142 Charles N'Zogbia DF, FW 167 15 (21) 2004-2010
21%
514 Chris Baird DF, MF 67 0 (1) 2002-2003, 2007-2010
21%
830 Chris Brunt DF, MF 34 9 (2) 2008-2009
21%
150 Chris Powell DF 164 1 (6) 2000-2003, 2005-2007
21%
144 Chris Riggott DF 166 8 (4) 2000-2009
21%
136 Claus Lundekvam DF 170 1 (2) 2000-2005
21%
1657 Clive Clarke DF 2 0 (0) 2005-2006
21%
1131 DaMarcus Beasley DF, FW 18 3 (1) 2006-2007
21%
1035 Dan Gosling DF, MF 22 4 (0) 2008-2010
21%
1496 Daniel Van Buyten DF 5 0 (0) 2003-2004
21%
627 Danny Granville DF 54 3 (1) 2000-2001, 2004-2005
21%
104 Danny Higginbotham DF 194 7 (5) 2000-2004, 2007-2010
21%
655 Danny Tiatto DF, MF 51 2 (4) 2000-2001, 2002-2004
21%
776 Danny Webber FW 38 4 (1) 2006-2007, 2009-2010
21%
1467 Darren Powell DF 6 1 (0) 2004-2005
21%
667 David Bellion FW 50 5 (1) 2001-2006
21%
711 David Healy FW 44 5 (1) 2000-2001, 2007-2010
21%
539 David Nugent FW 64 9 (3) 2007-2010
21%
103 Dean Kiely GK 195 0 (2) 2000-2005, 2008-2009
21%
566 Dickson Etuhu MF 61 2 (1) 2007-2010
21%
959 Didier Domi DF 26 0 (1) 2000-2001, 2003-2004
21%
386 Didier Zokora MF 88 0 (0) 2006-2009
21%
1017 Diniyar Bilyaletdinov MF 23 6 (1) 2009-2010
21%
1359 Djibril Diawara DF 9 0 (0) 2001-2002
21%
1018 Ed de Goey GK 23 0 (0) 2000-2003
21%
436 Edu Gaspar MF 79 8 (4) 2000-2005
21%
555 Elano MF 62 14 (12) 2007-2009
21%
305 Emanuel Pogatetz DF 110 4 (6) 2005-2009
21%
486 Emerson Thome DF 71 2 (1) 2000-2004
21%
907 Eric Djemba-Djemba MF 30 0 (1) 2003-2007
21%
652 Eyal Berkovic MF 52 3 (13) 2002-2005
21%
987 Finidi George MF, FW 25 6 (2) 2001-2002
21%
683 Gaël Givet DF 48 2 (2) 2008-2010
21%
431 Gary Breen DF 80 2 (3) 2000-2001, 2002-2003, 2005-2006
21%
1768 Gary Charles DF 1 0 (0) 2000-2001
21%
438 Gary Doherty DF, FW 79 7 (1) 2000-2005
21%
1503 Gavin Peacock MF, FW 5 0 (0) 2001-2002
21%
684 Georgi Kinkladze MF 48 2 (3) 2000-2002
21%
604 Gilles Grimandi DF 56 1 (2) 2000-2002
21%
820 Glen Little MF 35 0 (4) 2003-2004, 2006-2009
21%
178 Hayden Mullins MF 151 3 (0) 2005-2010
21%
540 Heiðar Helguson FW 64 13 (5) 2005-2009
21%
243 Henri Camara FW 126 31 (8) 2003-2009
21%
1136 Henrique Hilário GK 18 0 (0) 2006-2010
21%
1058 Hidetoshi Nakata MF 21 1 (2) 2005-2006
21%
1668 Ian Marshall DF, FW 2 0 (0) 2001-2002
21%
480 Igor Bišćan DF, MF 72 2 (0) 2000-2005
21%
692 Jack Rodwell DF, MF 47 2 (1) 2007-2010
21%
1085 James Chambers DF 20 0 (0) 2002-2003, 2006-2007
21%
453 James Harper MF 76 9 (3) 2006-2008
21%
179 Jamie Clapham DF 151 5 (7) 2000-2006
21%
1230 Jan Kromkamp DF 14 0 (1) 2005-2007
21%
767 Jason McAteer MF 39 3 (4) 2001-2003
21%
1401 Javi Moreno FW 8 0 (0) 2003-2004
21%
1616 Jay Spearing MF 3 0 (0) 2009-2010
21%
1138 Jesper Blomqvist DF, MF 18 1 (0) 2001-2003
21%
326 Jesper Grønkjær MF, FW 104 7 (11) 2000-2005
21%
73 Jlloyd Samuel DF, MF 231 2 (11) 2000-2010
21%
733 John Curtis DF 42 0 (0) 2001-2005
21%
990 John Filan GK 25 0 (0) 2005-2007
21%
1619 John Lukic GK 3 0 (0) 2000-2001
21%
440 John Paintsil DF, MF 78 0 (2) 2006-2010
21%
937 Jonas Olsson DF 28 2 (0) 2008-2009
21%
67 Jonathan Greening MF 235 9 (20) 2000-2005, 2008-2010
21%
677 José Enrique DF 49 0 (2) 2007-2009
21%
1089 Julian Joachim FW 20 7 (1) 2000-2001
21%
186 Julio Arca DF, MF 149 8 (17) 2000-2002, 2005-2009
21%
747 Juninho Paulista MF 41 11 (5) 2002-2004
21%
1339 Kaba Diawara FW 10 0 (0) 2000-2001
21%
1510 Kazenga LuaLua MF, FW 5 0 (0) 2007-2009
21%
525 Keith Andrews MF 66 5 (0) 2003-2004, 2008-2010
21%
346 Keith Gillespie MF, FW 100 4 (9) 2001-2003, 2006-2007
21%
1340 Kelvin Etuhu MF, FW 10 1 (1) 2007-2009
21%
1440 Kevin Harper FW 7 0 (0) 2003-2004
21%
1258 Khalid Boulahrouz DF 13 0 (0) 2006-2007
21%
1310 Lee Sharpe MF 11 0 (1) 2000-2001
21%
695 Leroy Lita FW 47 8 (4) 2006-2008
21%
1476 Li Tie MF, FW 6 0 (3) 2002-2004
21%
174 Lomana LuaLua MF, FW 153 24 (12) 2000-2007
21%
295 Malcolm Christie FW 112 24 (3) 2000-2007
21%
1280 Marcelo Martins Moreno FW 12 0 (1) 2009-2010
21%
1405 Marco Ambrosio GK 8 0 (0) 2003-2004
21%
341 Marcus Hahnemann GK 101 0 (0) 2006-2007, 2009-2010
21%
824 Marc-Vivien Foé MF 35 9 (0) 2002-2003
21%
737 Mark Crossley GK 42 0 (1) 2000-2001, 2003-2006
21%
497 Mark Kinsella MF 70 2 (3) 2000-2004
21%
324 Mark Pembridge MF 105 3 (11) 2000-2006
21%
877 Martin Olsson DF, MF 32 0 (0) 2007-2010
21%
644 Mart Poom GK 53 0 (0) 2000-2002, 2006-2007
21%
1164 Matt Clarke GK 17 0 (0) 2000-2001
21%
807 Matthew Bates DF 36 1 (1) 2004-2006, 2008-2009
21%
244 Matt Oakley MF 126 6 (6) 2000-2004, 2007-2008
21%
941 Michael Bridges MF, FW 28 0 (3) 2000-2001, 2002-2004
21%
559 Michael Duberry DF 62 3 (1) 2000-2003, 2006-2008
21%
1067 Michael Proctor FW 21 2 (1) 2002-2003
21%
247 Moritz Volz DF 125 2 (3) 2003-2008
21%
1193 Nathan Blake FW 16 2 (2) 2001-2002, 2003-2004
21%
1216 Neil Mellor FW 15 3 (1) 2002-2003, 2004-2006
21%
242 Nicky Hunt DF 127 1 (6) 2003-2008
21%
595 Niclas Alexandersson MF 58 4 (5) 2000-2003
21%
443 Nikos Dabizas DF 78 3 (0) 2000-2004
21%
382 Noé Pamarot DF 90 4 (1) 2004-2009
21%
912 Noureddine Naybet DF 30 1 (0) 2004-2006
21%
578 Oleh Luzhny DF 60 0 (3) 2000-2004
21%
526 Olivier Dacourt MF 66 3 (3) 2000-2002, 2008-2009
21%
997 Patrick Kluivert FW 25 6 (1) 2004-2005
21%
645 Paul Bosvelt DF, MF 53 2 (1) 2003-2005
21%
680 Paulo Wanchope FW 49 15 (5) 2000-2001, 2003-2004
21%
196 Paul Scharner DF, MF 145 14 (8) 2005-2010
21%
880 Paul Warhurst DF, MF 32 0 (1) 2001-2003
21%
1119 Peter Beagrie FW 19 1 (1) 2000-2001
21%
1372 Peter Clarke DF 9 0 (0) 2000-2001, 2003-2004
21%
715 Peter Enckelman GK 44 0 (0) 2001-2004
21%
607 Peter Whittingham MF 56 1 (5) 2002-2007
21%
1374 Pierre-Yves André FW 9 0 (0) 2002-2003
21%
1195 Radek Černý GK 16 0 (1) 2004-2005, 2007-2008
21%
126 Radostin Kishishev DF, MF 179 2 (5) 2000-2007
21%
347 Ricardo Fuller FW 100 15 (6) 2004-2005, 2008-2010
21%
1642 Ritchie De Laet DF 3 0 (0) 2008-2010
21%
60 Robbie Savage MF 242 16 (18) 2000-2008
21%
1713 Ryan France DF, MF 2 0 (0) 2008-2009
21%
310 Shaka Hislop GK 109 0 (0) 2000-2001, 2003-2006
21%
259 Shaun Bartlett FW 123 25 (6) 2000-2006
21%
112 Shola Ameobi FW 190 32 (11) 2000-2009
21%
263 Simon Charlton DF 122 1 (4) 2001-2005
21%
1029 Souleymane Diawara DF 23 0 (0) 2006-2007
21%
1320 Stefan Postma GK 11 0 (0) 2002-2005
21%
264 Stephen Clemence MF 122 5 (10) 2000-2006
21%
444 Stephen Jordan DF 78 0 (1) 2002-2006, 2009-2010
21%
1848 Steve Bould DF 1 0 (0) 2000-2001
21%
728 Steve Guppy MF 43 1 (5) 2000-2001, 2003-2004
21%
561 Steve Harper GK 62 0 (0) 2000-2001, 2004-2005, 2006-2009
21%
1098 Steven Thompson FW 20 4 (0) 2009-2010
21%
764 Thomas Gaardsøe DF 40 1 (1) 2001-2002, 2004-2006
21%
973 Tim Flowers GK 26 0 (0) 2000-2002
21%
328 Ulises de la Cruz DF 104 2 (9) 2002-2008
21%
390 Wilson Palacios MF 88 1 (2) 2007-2010
21%
1379 Winston Bogarde DF 9 0 (0) 2000-2001
21%
445 Youri Djorkaeff MF, FW 78 20 (9) 2001-2005
21%
298 Zoltán Gera MF 112 12 (8) 2004-2005, 2008-2010
21%
1270 Zoumana Camara DF 13 1 (0) 2003-2004
21%
184 Abdoulaye Faye DF, MF 149 9 (1) 2005-2010
16%
1078 Adam Murray MF 20 0 (0) 2000-2002
16%
504 Alen Bokšić FW 68 22 (6) 2000-2003
16%
1651 Alexis Nicolas MF 2 0 (0) 2003-2004
16%
1326 Ali Al-Habsi GK 10 0 (0) 2007-2008
16%
589 Alpay Özalan DF 58 1 (0) 2000-2004
16%
239 Amdy Faye DF, MF 127 1 (2) 2003-2006, 2008-2009
16%
1103 Andreas Isaksson GK 19 0 (0) 2006-2008
16%
1539 Andy Booth FW 4 0 (0) 2000-2001
16%
1080 Andy Myers DF 20 1 (0) 2000-2001
16%
948 Andy Oakes GK 27 0 (0) 2000-2001, 2004-2005
16%
217 Andy Todd DF 135 6 (2) 2000-2008
16%
1540 Andy Webster DF 4 0 (0) 2006-2007
16%
1224 Andy Welsh DF, MF 14 0 (1) 2005-2006
16%
690 Andy Wilkinson DF 47 0 (0) 2008-2010
16%
1417 Anthony McNamee MF 7 0 (0) 2006-2007
16%
176 Antoine Sibierski MF, FW 151 18 (8) 2003-2009
16%
265 Arjan de Zeeuw DF 120 4 (4) 2003-2007
16%
1384 Ben Hutchinson FW 8 1 (0) 2007-2008
16%
1157 Bo Hansen MF, FW 17 1 (1) 2001-2002
16%
1744 Brad Guzan GK 1 0 (0) 2008-2009
16%
537 Carlos Cuéllar DF 64 2 (1) 2008-2010
16%
978 Carlos Vela MF, FW 25 2 (0) 2008-2010
16%
1202 Carlton Palmer MF 15 0 (0) 2000-2001
16%
363 Chris Marsden MF 94 4 (5) 2000-2004
16%
157 Chris Perry DF 159 5 (0) 2000-2006
16%
290 Christian Dailly DF 112 0 (3) 2000-2002, 2005-2007
16%
979 Christian Nadé FW 25 3 (1) 2006-2007
16%
1387 Christian Wilhelmsson MF 8 0 (0) 2007-2008
16%
291 Christopher Samba DF 112 10 (4) 2006-2010
16%
321 Claudio Reyna MF 105 7 (4) 2001-2007
16%
1493 Colin Hendry DF 5 0 (1) 2000-2002
16%
800 Craig Hignett MF, FW 36 6 (3) 2001-2004
16%
1388 Damien Delaney DF 8 0 (0) 2000-2002
16%
494 Danny Gabbidon DF 70 0 (1) 2005-2007, 2009-2010
16%
981 Danny Pugh DF, MF 25 1 (2) 2002-2003, 2008-2010
16%
755 Danny Shittu DF 40 1 (0) 2006-2007, 2008-2009
16%
933 Dan Petrescu DF 28 3 (2) 2000-2002
16%
1756 Darren Randolph GK 1 0 (0) 2006-2007
16%
1132 Darron Gibson MF 18 3 (2) 2008-2010
16%
564 Darryl Powell MF 61 2 (0) 2000-2003
16%
1036 David Connolly FW 22 1 (0) 2005-2008
16%
1082 David Edwards MF 20 1 (0) 2009-2010
16%
628 David Sommeil DF 54 4 (1) 2002-2007
16%
463 David Wheater DF 74 5 (2) 2005-2009
16%
756 Dean Holdsworth FW 40 2 (1) 2001-2003
16%
819 Dean Leacock DF, MF 35 0 (2) 2003-2004, 2005-2006, 2007-2008
16%
668 Deon Burton FW 50 6 (5) 2000-2001, 2003-2004
16%
1761 Diego Penny GK 1 0 (0) 2009-2010
16%
345 Diomansy Kamara FW 100 15 (3) 2004-2005, 2007-2010
16%
506 Don Hutchison MF 68 9 (8) 2000-2003
16%
1303 Elvis Hammond FW 11 0 (0) 2002-2003, 2004-2005
16%
699 Emiliano Insúa DF 46 0 (4) 2006-2010
16%
214 Emmerson Boyce DF 137 4 (3) 2004-2005, 2006-2010
16%
1606 Éric Roy MF 3 0 (0) 2000-2001
16%
1607 Erik Meijer FW 3 0 (0) 2000-2001
16%
1394 Fabian Delph DF, MF 8 0 (0) 2009-2010
16%
1552 Fabio Borini MF, FW 4 0 (0) 2009-2010
16%
507 Fábio Rochemback DF, MF 68 5 (10) 2005-2008
16%
299 Fabrice Muamba MF 111 3 (1) 2007-2010
16%
833 Fabricio Coloccini DF, MF 34 0 (0) 2008-2009
16%
887 Fabrizio Ravanelli FW 31 9 (3) 2001-2002
16%
682 Florent Sinama Pongolle FW 48 5 (2) 2003-2006
16%
97 Franck Queudrue DF 201 12 (19) 2001-2007, 2009-2010
16%
785 Gábor Király GK 37 0 (1) 2004-2005, 2006-2007
16%
1425 Gabriel Obertan MF, FW 7 0 (0) 2009-2010
16%
860 Garry O'Connor FW 33 3 (0) 2007-2008, 2009-2010
16%
953 Gary Holt MF 27 0 (1) 2004-2005
16%
1770 Gavin Hoyte DF 1 0 (0) 2008-2009
16%
1611 Geoffrey Mujangi Bia MF 3 0 (0) 2009-2010
16%
158 George McCartney DF 159 1 (6) 2000-2002, 2005-2010
16%
439 Geovanni MF, FW 79 14 (1) 2007-2010
16%
1183 Giuseppe Rossi FW 16 1 (0) 2005-2007
16%
515 Grant Leadbitter MF 67 4 (4) 2005-2006, 2007-2010
16%
432 Grétar Steinsson DF 80 2 (8) 2007-2010
16%
1019 Guillermo Franco FW 23 5 (3) 2009-2010
16%
1111 Hélder Postiga FW 19 1 (1) 2003-2004
16%
640 Hugo Rodallega FW 53 13 (4) 2008-2010
16%
558 Ibrahima Sonko DF 62 1 (1) 2006-2010
16%
705 Idan Tal MF 45 2 (4) 2000-2001, 2006-2007
16%
1159 Igors Stepanovs DF 17 0 (0) 2000-2003
16%
1306 Jack Cork DF, MF 11 1 (3) 2009-2010
16%
1779 Jake Livermore MF 1 0 (0) 2009-2010
16%
700 James Vaughan FW 46 7 (1) 2004-2010
16%
312 Jason Dodd DF 108 2 (9) 2000-2005
16%
1564 Jason Kennedy MF 4 0 (0) 2004-2006
16%
358 Jason Koumas MF 96 6 (11) 2002-2003, 2004-2005, 2007-2010
16%
364 Jérémie Aliadière MF, FW 94 8 (8) 2001-2009
16%
172 Jody Craddock DF, MF 154 8 (4) 2000-2003, 2009-2010
16%
1788 Joey Hutchinson DF 1 0 (0) 2002-2003
16%
1790 John Halls DF, MF 1 0 (0) 2007-2008
16%
892 John Heitinga DF, MF 31 0 (3) 2009-2010
16%
734 John Moncur MF 42 0 (0) 2000-2003
16%
631 John Oster MF 54 1 (4) 2000-2001, 2002-2003, 2006-2008
16%
1679 John Scales DF 2 0 (0) 2000-2001
16%
1565 John Welsh MF 4 0 (0) 2003-2005
16%
910 Jonás Gutiérrez MF 30 0 (3) 2008-2009
16%
308 Jonathan Spector DF, MF 110 0 (1) 2004-2010
16%
1566 Jonathan Walters MF, FW 4 0 (0) 2002-2003
16%
1793 Jon Routledge MF 1 0 (0) 2008-2009
16%
1088 José Kléberson MF 20 2 (4) 2003-2005
16%
369 Joseph-Désiré Job MF, FW 93 17 (9) 2000-2006
16%
404 Jo Tessem MF 85 8 (2) 2000-2004
16%
633 Juliano Belletti DF, MF 54 5 (2) 2007-2010
16%
1474 Julián Speroni GK 6 0 (0) 2004-2005
16%
576 Julien Faubert DF, FW 60 1 (5) 2007-2010
16%
1008 Júlio Baptista MF, FW 24 3 (2) 2006-2007
16%
1509 Júlio César DF 5 0 (0) 2004-2005
16%
1090 Julius Aghahowa FW 20 0 (1) 2006-2008
16%
534 Junichi Inamoto MF 65 4 (6) 2002-2006
16%
413 Justin Hoyte DF 83 2 (1) 2002-2009
16%
1209 Keith O'Neill MF 15 0 (1) 2000-2001
16%
1116 Kevin Gallacher MF, FW 19 2 (0) 2000-2001
16%
790 Kevin Kyle FW 37 1 (1) 2000-2002, 2005-2006
16%
924 Lárus Sigurðsson DF 29 0 (1) 2002-2003
16%
641 Lee Marshall DF, MF 53 1 (1) 2000-2003
16%
496 Lee Young-pyo DF 70 0 (0) 2005-2008
16%
1690 Leon Best FW 2 0 (0) 2004-2005
16%
1475 Lewis Price GK 6 0 (0) 2007-2008
16%
360 Liam Rosenior DF 96 0 (4) 2004-2008
16%
702 Mamady Sidibé FW 46 5 (3) 2008-2010
16%
1572 Marcos Painter DF, MF 4 0 (0) 2005-2006
16%
841 Marcus Allbäck FW 34 6 (1) 2002-2004
16%
381 Marians Pahars MF, FW 90 26 (11) 2000-2004
16%
584 Mario Stanić MF, FW 59 7 (4) 2000-2004
16%
236 Mark Delaney DF 128 1 (4) 2000-2006
16%
605 Mark Kennedy DF, MF 56 2 (9) 2000-2001, 2003-2004
16%
1694 Mark Randall MF 2 0 (0) 2007-2009
16%
1695 Marlon Beresford GK 2 0 (0) 2000-2002
16%
353 Marlon Harewood FW 98 22 (5) 2005-2009
16%
725 Márton Fülöp GK 43 0 (0) 2007-2010
16%
427 Massimo Maccarone FW 81 18 (8) 2002-2003, 2005-2007
16%
842 Matthew Jarvis MF 34 3 (3) 2009-2010
16%
1026 Matthew Kilgallon DF 23 2 (0) 2002-2003, 2006-2007, 2009-2010
16%
1816 Matt Murray GK 1 0 (0) 2003-2004
16%
1282 Mauricio Pellegrino DF 12 0 (0) 2004-2005
16%
577 Michael Chopra FW 60 9 (1) 2002-2005, 2007-2009
16%
843 Michael Mancienne DF, MF 34 0 (0) 2008-2010
16%
1066 Michael Oakes GK 21 0 (0) 2003-2004
16%
878 Michael Tarnat DF, MF 32 3 (5) 2003-2004
16%
825 Mike Pollitt GK 35 0 (0) 2005-2010
16%
1821 Mo Camara DF 1 0 (0) 2007-2008
16%
542 Mustapha Hadji MF 64 8 (5) 2000-2004
16%
366 Nedum Onuoha DF 94 3 (3) 2004-2010
16%
337 Neil Clement DF 102 7 (1) 2002-2003, 2004-2006
16%
1824 Neil Shipperley FW 1 0 (0) 2004-2005
16%
510 Neil Sullivan GK 68 0 (0) 2000-2001, 2003-2004
16%
1144 Nicky Southall MF 18 1 (1) 2001-2002
16%
279 Olivier Bernard DF 115 6 (6) 2001-2005
16%
200 Pascal Chimbonda DF 144 6 (13) 2005-2010
16%
548 Pascal Cygan DF 63 3 (0) 2002-2006
16%
572 Paul Gallagher MF, FW 61 6 (5) 2002-2006, 2009-2010
16%
1828 Paul Murray MF 1 0 (0) 2001-2002
16%
159 Paul Telfer DF, MF 158 1 (12) 2000-2005
16%
1709 Pegguy Arphexad GK 2 0 (0) 2001-2002
16%
1286 Peter Løvenkrands MF, FW 12 3 (0) 2008-2009
16%
397 Phil Bardsley DF 86 0 (1) 2005-2010
16%
1525 Raúl Bravo DF 5 0 (0) 2002-2003
16%
1011 Ricardo Rocha DF 24 0 (0) 2006-2007, 2009-2010
16%
1482 Richard Edghill DF 6 0 (0) 2000-2001
16%
1375 Richard Gough DF 9 0 (0) 2000-2001
16%
1411 Rob Edwards DF 8 0 (0) 2002-2003
16%
466 Russell Hoult GK 74 0 (0) 2002-2003, 2004-2006
16%
1093 Salomon Olembé MF 20 0 (0) 2003-2004, 2007-2008
16%
1644 Sam Hutchinson DF, MF 3 0 (1) 2006-2007, 2009-2010
16%
646 Samuele Dalla Bona MF 53 6 (3) 2000-2002
16%
598 Sébastien Bassong DF 58 1 (0) 2008-2010
16%
587 Serhiy Rebrov MF, FW 59 10 (7) 2000-2002
16%
718 Shefki Kuqi FW 44 7 (5) 2005-2008
16%
1043 Sixto Peralta MF 22 3 (2) 2001-2002
16%
1072 Spencer Prior DF 21 1 (0) 2000-2001
16%
1291 Stan Collymore FW 12 3 (0) 2000-2001
16%
484 Steffen Freund MF 72 0 (1) 2000-2004
16%
210 Stelios Giannakopoulos MF, FW 139 20 (11) 2003-2009
16%
1171 Stephan Andersen GK 17 0 (0) 2004-2006
16%
1096 Stephen Bywater GK 20 0 (0) 2000-2001, 2005-2006, 2007-2008
16%
350 Stephen Hunt MF, FW 99 15 (13) 2006-2007, 2009-2010
16%
867 Stephen McPhail MF 33 1 (1) 2000-2004
16%
1013 Stephen Pearson MF 24 0 (0) 2007-2008
16%
544 Steve Lomas MF 64 5 (2) 2000-2003
16%
1850 Steven Watt DF 1 0 (0) 2004-2005
16%
1414 Steve Potts DF 8 0 (0) 2000-2001
16%
1849 Steve Walsh DF 1 0 (0) 2000-2001
16%
1030 Stig Inge Bjørnebye DF 23 0 (1) 2001-2002
16%
1585 Stuart Nicholson FW 4 0 (0) 2005-2006
16%
1415 Stuart Ripley MF, FW 8 0 (1) 2000-2002
16%
260 Sun Jihai DF 123 3 (7) 2002-2008
16%
237 Sylvain Legwinski MF 128 8 (5) 2001-2006
16%
275 Szilárd Németh FW 117 23 (8) 2001-2006
16%
389 Teemu Tainio MF 88 3 (4) 2005-2010
16%
1853 Theofanis Gekas FW 1 0 (0) 2008-2009
16%
1322 Titi Camara FW 11 0 (0) 2000-2003
16%
854 Tobias Linderoth MF 34 0 (3) 2001-2004
16%
1586 Tom Craddock FW 4 0 (0) 2005-2006, 2007-2008
16%
1720 Tony Cottee FW 2 0 (0) 2000-2001
16%
918 Tony McMahon DF, MF 30 0 (1) 2004-2005, 2007-2009
16%
1032 Tony Popovic DF 23 2 (1) 2004-2005
16%
71 Tugay Kerimoğlu MF 233 11 (14) 2001-2009
16%
512 Tyrone Mears DF 68 1 (5) 2006-2007, 2009-2010
16%
238 Ugo Ehiogu DF 128 7 (1) 2000-2006
16%
1588 Vegard Heggem DF, MF 4 0 (0) 2000-2002
16%
1484 Vito Mannone GK 6 0 (0) 2008-2010
16%
1377 Wayne Andrews FW 9 0 (0) 2004-2005
16%
1076 Wayne Jacobs DF 21 2 (0) 2000-2001
16%
422 Wayne Routledge MF, FW 82 0 (13) 2004-2009
16%
1485 Yaniv Katan MF, FW 6 0 (0) 2005-2006
16%
562 Zurab Khizanishvili DF 62 1 (0) 2005-2009
16%
248 Aaron Mokoena DF, MF 124 0 (2) 2004-2010
11%
462 Abdoulaye Méïté DF 74 0 (1) 2006-2009
11%
563 Ade Akinbiyi FW 61 11 (3) 2000-2001, 2006-2007
11%
1353 Adel Taarabt MF, FW 9 0 (0) 2006-2009
11%
1100 Adrian Mariappa DF 19 0 (0) 2006-2007
11%
226 Alain Goma DF 133 1 (2) 2000-2006
11%
1002 Alan Mahon MF 24 2 (0) 2001-2003, 2005-2006
11%
1048 Albert Luque MF, FW 21 1 (0) 2005-2007
11%
857 Ali Benarbia MF 33 3 (6) 2002-2003
11%
1126 Andrea Dossena DF, MF 18 1 (0) 2008-2010
11%
529 André Bikey DF, MF 65 4 (0) 2006-2007, 2009-2010
11%
219 Andy Griffin DF 134 1 (1) 2000-2005, 2007-2009
11%
1734 Andy Marriott GK 1 0 (0) 2002-2003
11%
491 Andy Melville DF, MF 70 0 (0) 2001-2004
11%
708 Anthony Le Tallec MF, FW 44 3 (1) 2003-2006
11%
1034 Anthony Stokes FW 22 1 (0) 2007-2009
11%
459 Barry Hayles FW 75 13 (7) 2001-2004
11%
1463 Ben Alnwick GK 6 0 (0) 2005-2006, 2009-2010
11%
1739 Bernard Lambourde DF 1 0 (0) 2000-2001
11%
976 Bernardo Corradi FW 25 3 (2) 2006-2007
11%
783 Bernt Haas DF 37 0 (1) 2001-2002, 2004-2005
11%
1003 Bjarne Goldbæk MF 24 1 (1) 2001-2003
11%
1741 Blessing Kaku MF 1 0 (0) 2004-2005
11%
1743 Bojan Djordjic MF 1 0 (0) 2000-2001
11%
1051 Branko Strupar FW 21 10 (0) 2000-2002
11%
429 Brett Ormerod FW 80 11 (6) 2001-2005
11%
189 Bruno N'Gotty DF 148 5 (3) 2001-2006
11%
719 Brynjar Gunnarsson MF 43 3 (0) 2006-2008
11%
1745 Bülent Akın MF 1 0 (0) 2002-2003
11%
710 Calum Davenport DF 44 2 (3) 2000-2001, 2004-2006, 2008-2009
11%
773 Carl Cort FW 38 12 (5) 2000-2004
11%
1329 Carl Hoefkens DF 10 0 (0) 2008-2009
11%
278 Carlos Bocanegra DF 115 8 (0) 2003-2008
11%
1176 Cédric Roussel FW 16 2 (0) 2000-2001
11%
921 Chris Bart-Williams DF, MF 29 2 (2) 2001-2003
11%
698 Clarence Acuña MF 46 6 (0) 2000-2003
11%
817 Craig Burley MF 35 2 (4) 2000-2002
11%
774 Craig Fleming DF 38 1 (2) 2004-2005
11%
1545 Craig Forrest GK 4 0 (0) 2000-2001
11%
775 Curtis Fleming DF 38 0 (1) 2000-2002
11%
1600 Curtis Woodhouse MF 3 0 (0) 2002-2003
11%
1601 Damien Plessis MF 3 0 (0) 2007-2009
11%
905 Daniel Cousin FW 30 4 (1) 2008-2010
11%
934 Daniël de Ridder MF, FW 28 0 (2) 2007-2009
11%
1547 Danny Coyne GK 4 0 (0) 2003-2004
11%
1548 Danny Hay DF 4 0 (0) 2000-2001
11%
906 David Di Michele FW 30 4 (3) 2008-2009
11%
1015 David Edgar DF 23 2 (1) 2006-2010
11%
1300 David Hopkin MF 11 0 (0) 2000-2001
11%
1758 David Raven DF 1 0 (0) 2004-2005
11%
1054 David Rozehnal DF 21 0 (0) 2007-2008
11%
1759 David Stockdale GK 1 0 (0) 2009-2010
11%
1133 David Wetherall DF 18 1 (0) 2000-2001
11%
614 Dean Marney MF 55 3 (8) 2003-2004, 2008-2010
11%
1605 Dedryck Boyata DF 3 0 (0) 2009-2010
11%
246 Dejan Stefanović DF 125 3 (0) 2003-2008
11%
650 Denny Landzaat MF 52 5 (1) 2006-2008
11%
958 Derek Geary DF 26 0 (3) 2006-2007
11%
1550 Des Lyttle DF 4 0 (0) 2002-2003
11%
1762 Dong Fangzhuo FW 1 0 (0) 2006-2007
11%
435 Doriva MF 79 0 (2) 2002-2006
11%
984 Egil Østenstad FW 25 1 (3) 2000-2003
11%
1180 Emanuel Villa FW 16 3 (0) 2007-2008
11%
985 Émile Mpenza FW 25 5 (1) 2006-2008
11%
1663 Emmanuel Olisadebe FW 2 0 (0) 2005-2006
11%
590 Emre Belözoğlu MF 58 5 (8) 2005-2008
11%
986 Enrique de Lucas MF, FW 25 0 (0) 2002-2003
11%
1274 Euzebiusz Smolarek MF, FW 12 0 (0) 2008-2009
11%
952 Felipe Caicedo MF, FW 27 4 (0) 2007-2009
11%
1501 Filipe Oliveira DF, MF 5 0 (0) 2002-2005
11%
1361 Francis Benali DF 9 0 (0) 2000-2003
11%
834 Frédéric Piquionne FW 34 5 (2) 2009-2010
11%
1181 Fredi Bobic FW 16 4 (2) 2001-2002
11%
1766 Gaël Kakuta MF, FW 1 0 (0) 2009-2010
11%
556 Gaizka Mendieta MF 62 4 (7) 2003-2007
11%
282 Garry Flitcroft MF 114 6 (3) 2001-2006
11%
1555 Garry Monk DF 4 0 (0) 2000-2003
11%
1182 Gary Caldwell DF, MF 16 2 (0) 2009-2010
11%
557 Gary Rowett DF 62 3 (1) 2000-2004
11%
629 Gary Teale MF 54 0 (4) 2005-2008
11%
1037 Gary Walsh GK 22 0 (0) 2000-2001
11%
835 Gavin Mahon MF 34 1 (0) 2006-2007
11%
1665 Gavin Strachan MF 2 0 (0) 2000-2001
11%
1038 George Elokobi DF 22 0 (0) 2009-2010
11%
758 Gerard Wiekens DF 40 2 (0) 2000-2001, 2002-2003
11%
861 Gianluca Festa DF 33 3 (0) 2000-2002
11%
935 Gonzalo Sorondo DF 28 0 (0) 2004-2007
11%
657 Goran Bunjevčević DF 51 0 (2) 2001-2005
11%
658 Graeme Murty DF 51 0 (0) 2006-2008
11%
787 Graham Kavanagh MF 37 0 (2) 2005-2007
11%
1208 Grzegorz Rasiak FW 15 0 (0) 2005-2006, 2007-2008
11%
1255 Gunnar Halle DF 13 0 (0) 2000-2001
11%
1774 Gunnar Nielsen GK 1 0 (0) 2009-2010
11%
591 Habib Beye DF 58 1 (3) 2007-2010
11%
1362 Hakan Şükür FW 9 2 (1) 2002-2003
11%
654 Hameur Bouazza MF, FW 52 6 (4) 2006-2008
11%
1504 Harald Wapenaar GK 5 0 (0) 2003-2004
11%
1084 Hatem Trabelsi DF 20 1 (1) 2006-2007
11%
1057 Hayden Foxe DF 21 1 (0) 2000-2001, 2003-2004
11%
802 Hossam Ghaly MF 36 1 (3) 2006-2008
11%
766 Hugo Viana MF 39 3 (6) 2002-2004
11%
889 Ian Ashbee MF 31 1 (1) 2008-2009
11%
1137 Ian Bennett GK 18 0 (0) 2002-2003, 2006-2007
11%
1560 Ian Evatt DF 4 0 (0) 2000-2002
11%
1667 Ian Feuer GK 2 0 (0) 2001-2002
11%
936 Igor Bališ DF, MF 28 2 (0) 2002-2003
11%
481 Ívar Ingimarsson DF 72 4 (2) 2006-2008
11%
1670 Jack Hobbs DF 2 0 (0) 2007-2008
11%
368 James Scowcroft FW 93 14 (8) 2000-2001, 2003-2004
11%
746 James Tomkins DF, MF 41 1 (0) 2007-2010
11%
732 Jamie Ashdown GK 42 0 (0) 2004-2005, 2007-2008, 2009-2010
11%
1563 Jamie McMaster MF 4 0 (0) 2002-2003
11%
890 Jan Vennegoor of Hesselink FW 31 3 (2) 2009-2010
11%
1782 Jared Hodgkiss DF 1 0 (0) 2005-2006
11%
676 Javier Garrido DF 49 2 (2) 2007-2010
11%
694 Jean-Alain Boumsong DF 47 0 (0) 2004-2006
11%
630 Jeff Kenna DF 54 3 (2) 2002-2004
11%
891 Jeff Whitley MF 31 1 (4) 2000-2001
11%
1471 Jelle Van Damme DF, MF 6 0 (0) 2004-2005
11%
601 Jim Magilton DF, MF 57 1 (6) 2000-2002
11%
778 Jiří Jarošík DF, MF 38 5 (1) 2004-2006
11%
1787 Joe Bennett DF, MF 1 0 (0) 2008-2009
11%
876 Joey Guðjónsson MF 32 2 (2) 2002-2003, 2009-2010
11%
1139 John Aloisi FW 18 3 (2) 2000-2001
11%
821 Jon Harley DF 35 1 (0) 2000-2004
11%
701 Jon Macken FW 46 2 (5) 2002-2004, 2007-2008
11%
395 Jon Stead FW 86 14 (1) 2003-2007
11%
1473 Jon Stevenson FW 6 1 (0) 2001-2002
11%
1020 Joonas Kolkka MF 23 3 (2) 2004-2005
11%
1796 Jordan Spence DF 1 0 (0) 2009-2010
11%
1060 Josemi DF 21 0 (1) 2004-2006
11%
706 Josip Skoko MF 45 0 (1) 2005-2008
11%
938 Jozy Altidore FW 28 1 (3) 2009-2010
11%
1567 Kazuyuki Toda MF 4 0 (0) 2002-2003
11%
713 Kevin Horlock MF 44 2 (4) 2000-2001, 2002-2003
11%
1512 Kevin Poole GK 5 0 (0) 2001-2002, 2004-2005
11%
1569 Kit Symons DF 4 0 (0) 2001-2002
11%
1803 Kyle Naughton DF 1 0 (0) 2009-2010
11%
955 Laurent Charvet DF 27 0 (1) 2000-2001
11%
582 Lee McCulloch DF, FW 59 9 (6) 2005-2007
11%
779 Lee Naylor DF 38 1 (0) 2003-2004
11%
1311 Leon Barnett DF 11 0 (0) 2008-2009
11%
965 Leon Cort DF 26 0 (1) 2008-2010
11%
791 Leon McKenzie FW 37 7 (4) 2004-2005
11%
285 Linvoy Primus DF 113 3 (0) 2003-2006, 2008-2009
11%
1260 Lionel Scaloni DF, MF 13 0 (0) 2005-2006
11%
1807 Li Weifeng DF 1 0 (0) 2002-2003
11%
1141 Lorenzo Amoruso DF 18 3 (0) 2003-2005
11%
1810 Luciano Figueroa FW 1 0 (0) 2003-2004
11%
1210 Magnus Hedman GK 15 0 (0) 2000-2001
11%
1446 Mark Summerbell MF 7 1 (0) 2000-2001
11%
671 Martijn Reuser MF 50 7 (6) 2000-2002
11%
622 Martin Albrechtsen DF 55 1 (1) 2004-2006
11%
1519 Martin Cranie DF 5 0 (0) 2004-2005, 2007-2008
11%
1407 Martin Pringle FW 8 1 (0) 2000-2001
11%
1520 Martin Reeves MF 5 0 (0) 2001-2002
11%
547 Matt Derbyshire FW 63 10 (2) 2004-2005, 2006-2009
11%
1479 Matthew Spring MF 6 0 (0) 2006-2007
11%
442 Matt Jansen FW 78 14 (8) 2001-2006
11%
387 Mauricio Taricco DF 88 2 (2) 2000-2004
11%
461 Maynor Figueroa DF 75 2 (3) 2007-2010
11%
1368 Michael Kightly MF, FW 9 0 (0) 2009-2010
11%
1192 Mikael Nilsson DF, MF 16 0 (1) 2004-2005
11%
1166 Milenko Ačimovič MF 17 0 (2) 2002-2003
11%
1283 Mile Sterjovski MF, FW 12 0 (1) 2007-2008
11%
844 Mohamed Diamé MF 34 1 (1) 2009-2010
11%
1142 Mohamed Shawky MF 18 0 (0) 2007-2009
11%
686 Nadir Belhadj DF, MF 48 5 (5) 2008-2010
11%
1450 Nery Castillo DF, FW 7 0 (0) 2007-2008
11%
318 Nicky Shorey DF, MF 106 4 (15) 2006-2010
11%
897 Nico Vaesen GK 31 0 (0) 2002-2003, 2005-2006
11%
501 Nigel Quashie MF 69 3 (2) 2003-2007
11%
405 Nyron Nosworthy DF 85 0 (1) 2005-2006, 2007-2010
11%
760 Paul Butler DF 40 1 (0) 2000-2001, 2003-2004
11%
1317 Paul Huntington DF 11 1 (0) 2006-2007
11%
1167 Paul McVeigh MF, FW 17 1 (0) 2004-2005
11%
726 Paul Okon MF 43 0 (1) 2000-2003
11%
1829 Paul Rachubka GK 1 0 (0) 2000-2001
11%
1524 Pavel Srníček GK 5 0 (0) 2003-2004, 2006-2007
11%
663 Peter Ramage DF 51 0 (2) 2004-2008
11%
1287 Petri Pasanen DF 12 0 (0) 2003-2004
11%
809 Philippe Christanval DF 36 1 (0) 2005-2008
11%
999 Phil Stamp MF 25 1 (2) 2000-2002
11%
1238 Pierre Womé DF 14 1 (1) 2002-2003
11%
573 Radhi Jaïdi DF 61 8 (3) 2004-2005, 2007-2008
11%
1641 Rami Shaaban GK 3 0 (0) 2002-2003
11%
1710 Rati Aleksidze FW 2 0 (0) 2000-2001
11%
848 Reto Ziegler DF, MF 34 1 (2) 2004-2007
11%
1581 Ricardo Quaresma MF, FW 4 0 (0) 2008-2009
11%
543 Riccardo Scimeca DF, MF 64 1 (5) 2003-2006
11%
762 Richard Cresswell FW 40 0 (0) 2000-2001, 2008-2010
11%
957 Richard Naylor DF, FW 27 3 (6) 2000-2002
11%
483 Richard Rufus DF 72 5 (1) 2000-2003
11%
517 Robbie Mustoe MF 67 2 (2) 2000-2003
11%
716 Robbie Stockdale DF 44 1 (0) 2001-2004
11%
1835 Robert Betts MF 1 0 (0) 2000-2001
11%
535 Robert Earnshaw FW 65 13 (1) 2004-2005, 2007-2008
11%
1070 Robert Molenaar DF 21 1 (0) 2000-2001
11%
1643 Rodrigo Possebon MF 3 0 (0) 2008-2009
11%
1123 Rolando Bianchi FW 19 4 (1) 2007-2008
11%
972 Roman Bednář FW 26 6 (1) 2008-2009
11%
377 Ronnie Wallwork DF, MF 91 1 (4) 2000-2002, 2004-2006
11%
927 Ross Turnbull GK 29 0 (0) 2005-2006, 2007-2010
11%
1168 Roy O'Donovan MF, FW 17 0 (0) 2007-2008
11%
1584 Ryan Jarvis FW 4 1 (0) 2004-2005
11%
1530 Sam Vokes FW 5 0 (0) 2009-2010
11%
1348 Savio Nsereko MF, FW 10 0 (0) 2008-2009
11%
456 Scot Gemmill MF 76 3 (8) 2000-2003
11%
810 Scott Dobie FW 36 6 (0) 2002-2003, 2004-2005
11%
1147 Scott Minto DF 18 0 (1) 2000-2003
11%
1456 Sébastien Puygrenier DF 7 1 (0) 2008-2009
11%
450 Sébastien Schemmel DF 77 1 (9) 2000-2004
11%
1715 Seb Hines DF, MF 2 0 (0) 2007-2009
11%
1169 Segundo Castillo DF, MF 17 0 (0) 2008-2010
11%
687 Seol Ki-hyeon MF, FW 48 5 (5) 2006-2010
11%
1170 Sergio Peter MF 17 0 (1) 2005-2007
11%
795 Seyi Olofinjana MF 37 3 (0) 2008-2010
11%
519 Shaun Newton MF 67 1 (2) 2000-2001, 2003-2004, 2005-2007
11%
1095 Simon Royce GK 20 0 (0) 2000-2001, 2003-2004
11%
1239 Sotirios Kyrgiakos DF 14 1 (0) 2009-2010
11%
356 Stan Lazaridis DF, MF 97 4 (12) 2002-2006
11%
1845 Stefan Malz DF, MF 1 0 (0) 2000-2001
11%
850 Stefan Oakes MF 34 1 (4) 2000-2002
11%
1647 Stephen Cooke MF 3 0 (0) 2002-2003
11%
1846 Stephen Darby DF 1 0 (0) 2009-2010
11%
457 Steve Howey DF 76 9 (1) 2000-2001, 2002-2004
11%
625 Steve Marlet MF, FW 55 12 (4) 2001-2004
11%
1717 Steve McMillan DF 2 0 (0) 2005-2006
11%
490 Steven Caldwell DF 71 3 (2) 2000-2001, 2002-2003, 2005-2006, 2009-2010
11%
868 Steven Nzonzi MF 33 2 (0) 2009-2010
11%
796 Steve Simonsen GK 37 0 (0) 2000-2003, 2008-2010
11%
467 Steve Staunton DF, MF 74 0 (6) 2000-2003
11%
797 Steve Vickers DF 37 0 (0) 2000-2003
11%
1718 Stuart Holden MF 2 0 (0) 2009-2010
11%
297 Stuart Parnaby DF 112 2 (2) 2002-2007, 2009-2010
11%
929 Sulley Muntari MF 29 4 (3) 2007-2008
11%
697 Svetoslav Todorov FW 47 7 (2) 2000-2001, 2003-2004, 2005-2007
11%
400 Talal El Karkouri DF, MF 86 8 (2) 2002-2003, 2004-2007
11%
1198 Tamás Priskin FW 16 2 (0) 2006-2007
11%
1151 Thomas Butler MF 18 0 (1) 2000-2003
11%
930 Thomas Myhre GK 29 0 (0) 2000-2001, 2002-2003, 2005-2007
11%
1349 Þórður Guðjónsson MF, FW 10 1 (0) 2000-2001
11%
1719 Tomas Danilevičius FW 2 0 (0) 2000-2001
11%
1855 Tommy Mooney FW 1 0 (0) 2002-2003
11%
1858 Tony Caig GK 1 0 (0) 2000-2001
11%
1075 Tony Warner GK 21 0 (0) 2005-2006, 2007-2008
11%
1324 Valeri Bojinov FW 11 1 (1) 2007-2009
11%
666 Valon Behrami DF, MF 51 2 (1) 2008-2010
11%
1351 Vincent Candela DF, MF 10 0 (0) 2004-2005
11%
1352 Vincenzo Montella FW 10 2 (0) 2006-2007
11%
1243 Vladimír Weiss MF, FW 14 0 (3) 2008-2010
11%
765 Vratislav Greško DF 40 2 (0) 2002-2006
11%
1721 Will Atkinson MF 2 1 (0) 2009-2010
11%
499 Younès Kaboul DF 70 7 (2) 2007-2010
11%
1154 Youssef Safri MF 18 1 (0) 2004-2005
11%
1269 Zavon Hines MF, FW 13 1 (0) 2009-2010
11%
1723 Zoran Tošić MF, FW 2 0 (0) 2008-2009
11%
1649 Adam Federici GK 2 0 (0) 2006-2007
5%
1650 Aidan Davison GK 2 0 (0) 2000-2001
5%
1592 Alan Blayney GK 3 0 (0) 2003-2005
5%
1593 Alan Kelly Jr. GK 3 0 (0) 2001-2003
5%
1725 Alan Maybury DF 1 0 (0) 2001-2002
5%
1175 Al Bangura MF 16 0 (0) 2006-2007
5%
1124 Alberto Aquilani MF 18 1 (6) 2009-2010
5%
1382 Alec Cleland DF 8 0 (0) 2000-2002
5%
1538 Aleksandar Rodić FW 4 0 (0) 2004-2005
5%
945 Alessandro Diamanti MF, FW 27 7 (3) 2009-2010
5%
626 Alex Rae MF 54 7 (6) 2000-2001, 2003-2004
5%
1730 Amaury Bischoff MF 1 0 (0) 2008-2009
5%
815 Amr Zaki FW 35 10 (1) 2008-2010
5%
1079 Andranik Teymourian MF 20 2 (0) 2006-2009
5%
1223 Andreas Granqvist DF, MF 14 0 (0) 2007-2008
5%
946 Andreas Jakobsson DF, MF 27 2 (0) 2004-2005
5%
1327 Andrejs Štolcers MF 10 0 (1) 2001-2003
5%
1416 Andrew Surman MF 7 0 (0) 2009-2010
5%
468 Andy Impey DF, MF 73 0 (2) 2000-2001, 2003-2004
5%
1249 Andy Keogh MF, FW 13 1 (1) 2009-2010
5%
1081 Andy van der Meyde MF, FW 20 0 (3) 2005-2006, 2008-2009
5%
1200 Angelos Basinas MF 15 0 (0) 2008-2010
5%
469 Anthony Barness DF 73 0 (0) 2001-2005
5%
1104 Anthony Vanden Borre DF, MF 19 0 (2) 2009-2010
5%
1105 Arnar Gunnlaugsson MF, FW 19 3 (1) 2000-2002
5%
1050 Arnold Mvuemba MF, FW 21 1 (0) 2006-2009
5%
1736 Arturo Lupoli FW 1 0 (0) 2005-2006
5%
1106 Aruna Dindane FW 19 8 (2) 2009-2010
5%
1740 Björn Runström FW 1 0 (0) 2006-2007
5%
613 Boaz Myhill GK 55 0 (0) 2008-2010
5%
920 Bobby Convey MF, FW 29 0 (5) 2006-2008
5%
1654 Borja Oubiña MF 2 0 (0) 2007-2008
5%
1488 Boško Balaban FW 5 0 (0) 2001-2002
5%
1355 Brian Kerr MF 9 0 (0) 2000-2001, 2002-2003
5%
772 Caleb Folan FW 38 5 (0) 2006-2010
5%
1542 Calum Willock FW 4 0 (0) 2001-2003
5%
1489 Carl Dickinson DF 5 0 (1) 2008-2009
5%
1747 Cédric Avinel DF 1 0 (0) 2006-2007
5%
1490 Charlie MacDonald FW 5 1 (0) 2000-2002
5%
1491 Cho Won-hee DF, MF 5 0 (0) 2008-2010
5%
1107 Chris Basham DF, MF 19 1 (1) 2008-2010
5%
1492 Chris Gunter DF, MF 5 0 (0) 2007-2009
5%
1385 Chris Lucketti DF 8 0 (0) 2006-2007
5%
545 Chris Makin DF 63 0 (3) 2000-2002
5%
1598 Chris Shuker MF 3 0 (0) 2002-2003
5%
1005 Christian Bassedas DF, MF 24 1 (0) 2000-2002
5%
1178 Christian Bassila DF, MF 16 0 (0) 2000-2001, 2005-2006
5%
901 Christian Benítez FW 30 3 (5) 2009-2010
5%
1386 Christian Panucci DF 8 0 (0) 2000-2001
5%
871 Christophe Berra DF 32 0 (3) 2009-2010
5%
886 Clarke Carlisle DF 31 0 (0) 2006-2007, 2009-2010
5%
1052 Claudio Pizarro FW 21 2 (1) 2007-2008
5%
950 Colin Kazim-Richards MF, FW 27 1 (3) 2006-2007
5%
1543 Collins Mbesuma FW 4 0 (0) 2005-2006
5%
904 Corrado Grabbi FW 30 2 (4) 2001-2004
5%
1494 Cosmin Contra DF, MF 5 0 (1) 2004-2005
5%
493 Craig Fagan MF, FW 70 5 (5) 2002-2003, 2007-2010
5%
416 Craig Short DF 82 3 (0) 2001-2005
5%
1751 Cyril Chapuis FW 1 0 (0) 2003-2004
5%
1466 Daniel Braaten MF, FW 6 1 (0) 2007-2008
5%
1053 Daniel Cordone FW 21 2 (1) 2000-2001
5%
1546 Daniel Pacheco MF, FW 4 0 (0) 2009-2010
5%
1753 Danny Allsopp FW 1 0 (0) 2000-2001
5%
1108 Danny Cadamarteri FW 19 4 (2) 2000-2002
5%
648 Danny Guthrie MF 52 2 (3) 2006-2009
5%
649 Darren Carter DF, MF 52 3 (1) 2002-2006
5%
1497 Darren Holloway DF 5 0 (0) 2000-2001
5%
656 Darren Purse DF 51 1 (0) 2002-2005
5%
922 Derek McInnes MF 29 2 (3) 2002-2003
5%
1357 Dexter Blackstock FW 9 1 (0) 2004-2005
5%
1499 Didier Agathe DF, FW 5 0 (0) 2006-2007
5%
1016 Didier Digard MF 23 0 (2) 2008-2009
5%
1229 Diego Tristán FW 14 3 (1) 2008-2009
5%
1390 Djamel Belmadi MF 8 0 (2) 2002-2003
5%
1422 Douglas Rinaldi MF 7 1 (1) 2006-2007
5%
1158 Eoin Jess MF 17 3 (4) 2000-2001
5%
743 Erik Edman DF 41 1 (2) 2004-2005, 2007-2010
5%
722 Fabian Wilnis DF 43 2 (3) 2000-2002
5%
1424 Fernando Guerrero MF, FW 7 0 (0) 2009-2010
5%
1334 Filipe Teixeira MF 10 0 (1) 2008-2009
5%
1554 Fredrik Stoor DF 4 0 (0) 2008-2010
5%
1609 Gabriel Paletta DF 3 0 (0) 2006-2007
5%
1426 Gary Borrowdale DF 7 0 (0) 2004-2005
5%
1771 George Friend DF, MF 1 0 (0) 2009-2010
5%
1429 Gérald Cid DF 7 0 (0) 2007-2008
5%
836 Gerry Taggart DF 34 2 (1) 2000-2001, 2003-2004
5%
862 Gianni Zuiverloon DF 33 0 (1) 2008-2009
5%
1556 Gilles De Bilde FW 4 0 (0) 2000-2001
5%
1773 Grant Hanley DF 1 0 (0) 2009-2010
5%
864 Grégory Vignal DF 33 0 (0) 2000-2002, 2005-2006, 2009-2010
5%
567 Guðni Bergsson DF 61 1 (3) 2001-2003
5%
1399 Hakan Ünsal DF 8 0 (2) 2001-2002
5%
1400 Hannu Tihinen DF 8 0 (0) 2000-2001
5%
592 Hassan Kachloul MF 58 7 (8) 2000-2001, 2003-2004
5%
1135 Hassan Yebda MF 18 2 (0) 2009-2010
5%
1775 Henri Lansbury MF 1 0 (0) 2009-2010
5%
660 Hérita Ilunga DF 51 0 (3) 2008-2010
5%
909 Horacio Carbonari DF 30 1 (0) 2000-2002
5%
1335 Ian Bishop MF 10 0 (0) 2000-2001
5%
1433 Isaac Okoronkwo DF 7 0 (0) 2003-2004
5%
1113 Isaiah Osbourne MF 19 0 (1) 2006-2008
5%
1613 Iván Guerrero DF 3 0 (0) 2000-2001
5%
954 Ivan Klasnić FW 27 8 (1) 2009-2010
5%
1336 Ivica Mornar MF, FW 10 1 (0) 2003-2004, 2005-2006
5%
1777 Jack Colback DF, MF 1 0 (0) 2009-2010
5%
1469 Jacob Burns MF 6 0 (0) 2000-2001, 2002-2003
5%
1780 James Coppinger MF, FW 1 0 (0) 2000-2001
5%
1470 Ján Kozák MF 6 0 (0) 2005-2006
5%
1434 Jan Laštůvka GK 7 0 (0) 2006-2007
5%
1114 Jared Borgetti FW 19 2 (0) 2005-2006
5%
1783 Jarosław Fojut DF 1 0 (0) 2005-2006
5%
1039 Jason Gavin DF 22 0 (0) 2000-2002
5%
1307 Jason Shackell DF 11 0 (0) 2004-2005
5%
788 Jay Bothroyd FW 37 3 (0) 2000-2001, 2004-2006
5%
874 Jay DeMerit DF 32 2 (0) 2006-2007
5%
693 Jay McEveley DF 47 2 (0) 2002-2003, 2004-2005, 2006-2008
5%
1674 Jeffrey Bruma DF 2 0 (0) 2009-2010
5%
1338 Jim Brennan DF, MF 10 0 (0) 2004-2005
5%
1677 Johan Cavalli MF 2 0 (0) 2006-2007
5%
1435 Johann Vogel MF 7 0 (0) 2007-2009
5%
1678 John McGrath MF 2 0 (0) 2000-2001
5%
619 John McGreal DF 55 2 (1) 2000-2002
5%
1188 John Mensah DF 16 1 (0) 2009-2010
5%
1792 John Ruddy GK 1 0 (0) 2005-2006
5%
533 John Utaka MF, FW 65 7 (6) 2007-2010
5%
1680 Jonathan Blondel MF 2 0 (0) 2002-2004
5%
1189 Jonathan Douglas MF 16 1 (0) 2002-2005
5%
1794 Jonathan Franks MF, FW 1 0 (0) 2008-2009
5%
1681 José Dominguez MF 2 0 (0) 2000-2001
5%
620 Kamil Zayatte DF, MF 55 3 (2) 2008-2010
5%
1403 Kepa Blanco FW 8 1 (0) 2006-2007
5%
991 Kevin Foley DF, MF 25 0 (0) 2009-2010
5%
1259 Khalilou Fadiga MF 13 1 (0) 2004-2006
5%
1801 Kieran Agard MF, FW 1 0 (0) 2009-2010
5%
748 Kiki Musampa MF, FW 41 3 (3) 2004-2006
5%
1190 Kim Do-heon MF 16 0 (0) 2008-2009
5%
1684 Kristofer Hæstad MF 2 0 (0) 2006-2007
5%
1687 Lars Bohinen MF 2 0 (0) 2000-2001
5%
1140 Lars Jacobsen DF 18 0 (0) 2008-2010
5%
1441 Laurent Courtois MF 7 0 (1) 2001-2002
5%
1625 Lee Barnard FW 3 0 (0) 2005-2006
5%
840 Lee Chung-yong MF, FW 34 4 (3) 2009-2010
5%
1042 Lee Dong-gook FW 22 0 (0) 2006-2008
5%
1162 Leigh Bromby DF 17 0 (0) 2006-2007
5%
1689 Lenny Pidgeley GK 2 0 (0) 2004-2006
5%
1117 Leon Andreasen DF, MF 19 0 (0) 2007-2009
5%
1691 Lewin Nyatanga DF 2 1 (0) 2007-2008
5%
1091 Lilian Nalis MF 20 1 (0) 2003-2004
5%
1062 Lloyd Doyley DF 21 0 (0) 2006-2007
5%
893 Lorik Cana DF, MF 31 0 (1) 2009-2010
5%
1809 Louis Moult FW 1 0 (0) 2009-2010
5%
1312 Ľubomír Michalík DF 11 1 (1) 2006-2008
5%
1626 Luc Nilis FW 3 1 (0) 2000-2001
5%
1313 Luis Jiménez MF, FW 11 1 (2) 2009-2010
5%
1628 Luton Shelton MF, FW 3 0 (0) 2006-2007
5%
1232 Malky Mackay DF 14 0 (0) 2006-2007
5%
1233 Manucho FW 14 2 (1) 2008-2009
5%
569 Marc Edworthy DF 61 1 (0) 2000-2001, 2004-2005, 2007-2008
5%
1234 Marek Matějovský MF 14 1 (0) 2007-2008
5%
1443 Mário Jardel FW 7 0 (0) 2003-2004
5%
1366 Mark Clyde DF 9 0 (1) 2003-2004
5%
1632 Mark Cullen FW 3 1 (0) 2009-2010
5%
1009 Mark Draper MF 24 1 (1) 2000-2002
5%
1445 Mark Hudson DF 7 1 (0) 2004-2005
5%
1573 Mark Hudson MF 4 0 (0) 2000-2002
5%
634 Mark Venus DF 54 4 (8) 2000-2002
5%
1633 Mark Yeates DF, FW 3 0 (0) 2003-2005
5%
1314 Martin Andresen MF, FW 11 0 (0) 2003-2004
5%
1813 Martin Brittain MF 1 0 (0) 2003-2004
5%
1696 Martín Herrera GK 2 0 (0) 2002-2003
5%
1478 Martin Latka DF 6 0 (0) 2005-2006
5%
1025 Martin Paterson FW 23 4 (2) 2009-2010
5%
1213 Mat Sadler DF 15 0 (0) 2002-2003, 2005-2006, 2007-2008
5%
996 Matteo Sereni GK 25 0 (0) 2001-2002
5%
1214 Matt Heath DF 15 0 (0) 2001-2002, 2003-2004
5%
1817 Matthew Briggs DF 1 0 (0) 2006-2007
5%
940 Mattias Jonson MF, FW 28 0 (2) 2004-2005
5%
1343 Matty Pattison MF 10 0 (0) 2005-2007
5%
792 Mehdi Nafti MF 37 0 (1) 2004-2005, 2007-2008
5%
794 Michael Tonge MF 37 2 (0) 2006-2007, 2008-2009
5%
1369 Míchel MF 9 0 (1) 2009-2010
5%
769 Mikele Leigertwood DF, MF 39 1 (1) 2004-2005, 2006-2007
5%
1818 Mikkel Bischoff DF 1 0 (0) 2002-2003
5%
1576 Miroslav Stoch MF, FW 4 0 (0) 2008-2009
5%
1577 Moustapha Salifou MF, FW 4 0 (0) 2007-2008
5%
1092 Nabil El Zhar MF, FW 20 0 (1) 2006-2007, 2008-2010
5%
1263 Nathan Delfouneso MF, FW 13 1 (0) 2008-2010
5%
896 Nathan Ellington FW 31 5 (0) 2005-2006
5%
1143 Neil Kilkenny MF 18 0 (0) 2005-2006
5%
1523 Neil Moss GK 5 0 (0) 2000-2002
5%
1284 Nelson Vivas DF 12 0 (1) 2000-2001
5%
1118 Nenad Milijaš MF 19 2 (3) 2009-2010
5%
967 Nick Montgomery MF 26 0 (4) 2006-2007
5%
968 Nikola Kalinić FW 26 2 (1) 2009-2010
5%
1578 Nuno Morais DF, MF 4 0 (0) 2004-2005, 2006-2007
5%
707 Nuno Valente DF 45 0 (1) 2005-2009
5%
498 Olivier Tébily DF 70 0 (0) 2002-2006
5%
1237 Osei Sankofa DF 14 0 (0) 2002-2003, 2005-2007
5%
1264 Ousmane Dabo MF 13 0 (0) 2006-2007
5%
662 Øyvind Leonhardsen MF 51 6 (7) 2000-2003
5%
1826 Paris Simmons FW 1 0 (0) 2007-2008
5%
1708 Patrick van Aanholt DF 2 0 (0) 2009-2010
5%
511 Paul McShane DF 68 1 (0) 2007-2010
5%
623 Paul Stalteri DF, MF 55 2 (2) 2005-2008
5%
361 Per Frandsen MF 96 6 (7) 2001-2004
5%
998 Peter Atherton DF, MF 25 0 (2) 2000-2001
5%
1345 Philip Mulryne MF 10 0 (0) 2004-2005
5%
1580 Phil Jevons FW 4 0 (0) 2000-2001
5%
1217 Quincy Owusu-Abeyie MF, FW 15 0 (0) 2004-2005, 2009-2010
5%
1481 Rade Prica FW 6 1 (0) 2007-2008
5%
1218 Rafael Schmitz DF 15 0 (1) 2007-2008
5%
1288 Raimond van der Gouw GK 12 0 (0) 2000-2002
5%
1346 Ramon Vega DF 10 0 (0) 2000-2001
5%
1318 Richard Chaplow MF 11 0 (0) 2004-2006
5%
1711 Richard Eckersley DF 2 0 (0) 2008-2009
5%
1196 Richard Stearman DF 16 1 (0) 2009-2010
5%
849 Robert Hulse FW 34 8 (1) 2004-2005, 2006-2007
5%
1121 Rob Kozluk DF 19 0 (0) 2006-2007
5%
1528 Roque Júnior DF 5 0 (0) 2003-2004
5%
1455 Roudolphe Douala MF, FW 7 0 (0) 2006-2007
5%
518 Rufus Brevett DF 67 0 (3) 2001-2003
5%
1197 Ryan Donk DF, MF 16 0 (0) 2008-2009
5%
1289 Sándor Torghelle FW 12 0 (0) 2004-2005
5%
1266 Saša Ilić GK 13 0 (0) 2000-2001
5%
1841 Scott Kerr MF 1 0 (0) 2000-2001
5%
1000 Shabani Nonda FW 25 7 (2) 2006-2007
5%
1842 Shaun Byrne DF, MF 1 0 (0) 2001-2002
5%
1457 Shaun Derry MF 7 0 (0) 2004-2005
5%
1843 Shay Logan DF, MF 1 0 (0) 2008-2009
5%
1458 Shelton Martis DF 7 0 (0) 2008-2009
5%
1531 Sherjill MacDonald FW 5 0 (0) 2008-2009
5%
770 Slaviša Jokanović MF 39 0 (1) 2000-2002
5%
1044 Stéphane Dalmat MF 22 3 (1) 2003-2004
5%
1533 Stephen Crainey DF 5 0 (1) 2003-2004
5%
1240 Stephen Glass MF 14 3 (0) 2000-2001
5%
1847 Steve Banks GK 1 0 (0) 2001-2002
5%
1074 Steven Mouyokolo DF 21 1 (0) 2009-2010
5%
674 Tahar El Khalej DF, MF 50 2 (1) 2000-2003
5%
1099 Thomas Helveg DF 20 0 (2) 2004-2005
5%
1152 Timothée Atouba DF 18 1 (0) 2004-2005
5%
421 Tomáš Řepka DF 82 0 (0) 2001-2002, 2005-2006
5%
931 Tom Soares MF 29 0 (2) 2004-2005, 2008-2009
5%
1587 Toni Kallio DF 4 0 (0) 2008-2010
5%
1293 Tony Vidmar DF 12 0 (0) 2002-2003
5%
813 Trevor Benjamin FW 36 1 (0) 2000-2001, 2003-2004
5%
1483 Trond Egil Soltvedt MF 6 1 (0) 2000-2001
5%
1014 Uwe Rösler FW 24 0 (0) 2000-2002
5%
881 Vince Grella MF 32 0 (1) 2008-2010
5%
1199 Vincent Péricard FW 16 0 (0) 2003-2004, 2005-2006, 2008-2009
5%
898 Walter Pandiani FW 31 6 (2) 2004-2006
5%
1245 Willo Flood DF, MF 14 1 (0) 2004-2006
5%
1537 Xisco FW 5 1 (0) 2008-2009
5%
1861 Yıldıray Baştürk MF 1 0 (0) 2009-2010
5%
882 Youssef Chippo MF 32 0 (0) 2000-2001
5%
1486 Youssouf Mulumbu MF 6 0 (0) 2008-2009
5%
1077 Zesh Rehman DF 21 0 (0) 2003-2006
5%
1380 Zvonimir Vukić MF 9 1 (2) 2005-2006
5%
1590 Aaron Doran MF 3 0 (0) 2008-2009
0%
1046 Abdeslam Ouaddou DF, MF 21 0 (0) 2001-2003
0%
1246 Adam Bolder MF 13 0 (0) 2000-2002
0%
1222 Adlène Guedioura MF 14 1 (0) 2009-2010
0%
1296 Agustín Delgado FW 11 1 (0) 2001-2004
0%
1460 Ahmad Elrich MF, FW 6 0 (0) 2005-2006
0%
1591 Ahmed Fathy DF, MF 3 0 (0) 2006-2007
0%
1727 Albert Jarrett MF 1 0 (0) 2006-2007
0%
1729 Alex Nimely FW 1 0 (0) 2009-2010
0%
856 Alex Nyarko MF 33 1 (0) 2000-2001, 2003-2004
0%
1125 Alton Thelwell DF 18 0 (0) 2000-2002
0%
1731 Amine Linganzi MF 1 0 (0) 2009-2010
0%
1248 Andrés D'Alessandro MF, FW 13 1 (2) 2005-2006
0%
1733 Andrew Barrowman FW 1 0 (0) 2003-2004
0%
1652 Andy Goram GK 2 0 (0) 2000-2001
0%
1462 Ariza Makukula FW 6 0 (1) 2008-2009
0%
1595 Artim Šakiri MF 3 0 (0) 2004-2005
0%
1156 Azar Karadas DF, FW 17 1 (0) 2005-2006
0%
1328 Benny Feilhaber MF 10 0 (0) 2007-2008
0%
1653 Bernard Diomède MF, FW 2 0 (0) 2000-2001
0%
919 Billy McKinlay MF 29 0 (0) 2000-2001, 2003-2005
0%
1272 Bjørn Otto Bragstad DF 12 0 (1) 2000-2001
0%
1354 Bobby Petta MF 9 0 (0) 2003-2004
0%
1742 Bob Malcolm DF, MF 1 0 (0) 2007-2008
0%
1128 Boris Živković DF 18 0 (1) 2003-2004
0%
899 Borja Valero MF 30 0 (3) 2008-2009
0%
900 Brian Priske DF, MF 30 0 (3) 2005-2006
0%
1597 Bruno Berner DF, MF 3 0 (0) 2006-2008
0%
885 Bruno Cheyrou MF 31 2 (0) 2002-2004
0%
977 Caçapa DF, MF 25 1 (1) 2007-2009
0%
752 Carlos Marinelli MF 40 3 (3) 2000-2004
0%
1251 Carlos Villanueva MF, FW 13 0 (1) 2008-2009
0%
1418 Carl Tiler DF 7 0 (0) 2000-2001
0%
1203 Chris Iwelumo FW 15 0 (0) 2009-2010
0%
1465 Christian Kalvenes DF, MF 6 0 (0) 2009-2010
0%
859 Christian Karembeu DF, MF 33 4 (4) 2000-2001
0%
1749 Christian Negouai DF, MF 1 0 (0) 2004-2005
0%
902 Christophe Dugarry MF, FW 30 6 (1) 2002-2004
0%
1658 Con Blatsis DF 2 0 (0) 2000-2001
0%
1544 Craig Eastmond DF, MF 4 0 (0) 2009-2010
0%
1495 Daniel Ayala DF 5 0 (0) 2009-2010
0%
1659 Daniele Daino DF 2 0 (0) 2001-2002
0%
1752 Daniele Padelli GK 1 0 (0) 2006-2007
0%
1421 Danny Butterfield DF, MF 7 0 (0) 2004-2005
0%
1603 Danny Crow FW 3 0 (0) 2004-2005
0%
720 Danny Dichio FW 43 6 (1) 2000-2001, 2002-2003
0%
1660 Danny Livesey DF 2 0 (0) 2002-2003
0%
1006 Darren Eadie MF 24 2 (1) 2000-2001
0%
1179 Darren Kenton DF 16 0 (0) 2003-2005
0%
1755 Darren Pratley DF, MF 1 0 (0) 2003-2004
0%
1604 Dave McEwen FW 3 0 (0) 2000-2001
0%
1757 David Beharall DF 1 0 (0) 2001-2002
0%
1109 David Cotterill MF, FW 19 1 (0) 2006-2008
0%
1331 David Meyler MF 10 0 (0) 2009-2010
0%
565 David Prutton MF 61 3 (4) 2002-2005
0%
1333 Delroy Facey FW 10 2 (1) 2002-2004
0%
1760 Diego Gavilán DF, MF 1 0 (0) 2000-2001
0%
1358 Dino Baggio MF 9 1 (0) 2003-2004
0%
1083 Dougie Freedman FW 20 1 (0) 2004-2005
0%
1392 Elliot Omozusi DF 8 0 (0) 2007-2008
0%
1393 Emerse Faé MF 8 0 (0) 2007-2008
0%
1763 Erik Hagen DF 1 0 (0) 2007-2008
0%
1764 Espen Baardsen GK 1 0 (0) 2002-2003
0%
1423 Fabio Daprelà DF, MF 7 0 (0) 2009-2010
0%
1765 Ferdinand Coly DF 1 0 (0) 2002-2003
0%
1206 Florent Laville DF 15 0 (0) 2002-2004
0%
1608 Franck Songo'o MF, FW 3 0 (0) 2005-2006, 2007-2008
0%
1207 François Grenet DF 15 0 (0) 2001-2002
0%
1395 Frank Nouble MF, FW 8 0 (0) 2009-2010
0%
1468 Fran Mérida MF 6 1 (0) 2008-2010
0%
989 Freddie Sears MF, FW 25 1 (0) 2007-2010
0%
1664 Frédéric Nimani FW 2 0 (0) 2009-2010
0%
961 Gareth Farrelly MF 26 1 (0) 2001-2003
0%
1110 Gareth Whalley MF 19 0 (1) 2000-2001
0%
1396 Gary Croft DF 8 0 (0) 2000-2001
0%
1427 Gary Locke MF 7 0 (0) 2000-2001
0%
786 Gary McSheffrey MF, FW 37 3 (3) 2007-2008, 2009-2010
0%
1769 Gary Twigg FW 1 0 (1) 2001-2002
0%
1134 Giannis Skopelitis MF 18 0 (0) 2004-2006
0%
1772 Gláuber DF 1 0 (0) 2008-2009
0%
1398 Graham Dorrans MF, FW 8 0 (0) 2008-2009
0%
962 Greg Halford DF, FW 26 0 (0) 2006-2007, 2009-2010
0%
1558 Greg Shields DF 4 0 (0) 2000-2001
0%
1304 Ifeanyi Udeze DF 11 0 (0) 2002-2003
0%
1112 Igor Štimac DF 19 0 (0) 2000-2001
0%
1305 Ilan FW 11 4 (0) 2009-2010
0%
1669 Imants Bleidelis MF 2 0 (0) 2000-2002
0%
1184 Ionel Ganea FW 16 3 (0) 2003-2004
0%
1776 Isaiah Rankin MF, FW 1 0 (0) 2000-2001
0%
1561 Iván Kaviedes FW 4 0 (0) 2004-2005
0%
712 Jack Collison MF 44 5 (4) 2007-2010
0%
1614 Jamal Campbell-Ryce MF, FW 3 0 (0) 2002-2004
0%
1671 James Keene FW 2 0 (0) 2004-2005
0%
1562 Jamie McClen DF, MF 4 0 (0) 2001-2003
0%
1781 Jamie Slabber FW 1 0 (0) 2002-2003
0%
873 Jason Scotland FW 32 1 (2) 2009-2010
0%
1615 Javier Margas DF 3 0 (0) 2000-2001
0%
1187 Jérôme Bonnissel DF, FW 16 0 (1) 2003-2004
0%
1231 Jhon Viáfara MF 14 1 (0) 2005-2006
0%
1505 Jimmy Kébé MF 5 0 (0) 2007-2008
0%
875 Joachim Björklund DF 32 0 (0) 2001-2003
0%
1675 Joe Keenan MF 2 0 (0) 2001-2003
0%
865 John Eustace MF 33 2 (1) 2000-2001, 2002-2003
0%
1506 John Piercy MF 5 0 (0) 2000-2001
0%
1115 John Salako MF 19 0 (1) 2000-2002
0%
1437 Jonathan Grounds DF 7 0 (0) 2007-2009
0%
1795 Jonjo Dickman MF 1 0 (0) 2002-2003
0%
1507 Jon Otsemobor DF 5 0 (0) 2003-2004
0%
1620 Jordão MF 3 0 (0) 2002-2003
0%
1508 Jose Baxter MF, FW 5 0 (0) 2008-2010
0%
1682 Josh Payne MF 2 0 (0) 2008-2009
0%
1022 Jovan Kirovski FW 23 2 (0) 2002-2004
0%
1439 Juan Carlos Menseguez MF, FW 7 1 (0) 2008-2009
0%
822 Junior Stanislas MF, FW 35 4 (2) 2008-2010
0%
1040 Jürgen Macho GK 22 0 (0) 2000-2003
0%
1277 Kagisho Dikgacoi MF 12 0 (0) 2009-2010
0%
1257 Kamel Ghilas FW 13 1 (1) 2009-2010
0%
1797 Karim Bagheri MF 1 0 (0) 2000-2001
0%
1621 Keith Branagan GK 3 0 (0) 2000-2002
0%
839 Keith Fahey MF 34 0 (2) 2009-2010
0%
1278 Keith Treacy MF 12 0 (0) 2008-2009
0%
1798 Kevin Betsy MF, FW 1 0 (0) 2001-2002
0%
1800 Kevin Ellison MF 1 0 (0) 2000-2001
0%
1622 Kevin Gibbens MF, FW 3 0 (0) 2000-2001
0%
1511 Kevin McLeod MF 5 0 (0) 2000-2001
0%
1568 Kevin Stuhr Ellegaard GK 4 0 (0) 2003-2004
0%
1513 Kostas Chalkias GK 5 0 (0) 2004-2005
0%
1623 Kostas Konstantinidis DF 3 0 (0) 2001-2002
0%
1686 Lamine Diatta DF 2 0 (0) 2007-2008
0%
1442 Léandre Griffit MF, FW 7 2 (0) 2003-2005
0%
939 Lee Croft MF 28 1 (2) 2004-2006
0%
1688 Lee Crooks DF, MF 2 0 (0) 2000-2001
0%
1515 Lennard Sowah DF 5 0 (0) 2009-2010
0%
1808 Liam Fontaine DF 1 0 (0) 2004-2005
0%
1279 Lilian Laslandes FW 12 0 (0) 2001-2002
0%
966 Luciano Zavagno DF 26 0 (1) 2001-2002
0%
1627 Lucien Aubey DF 3 0 (0) 2007-2008
0%
1571 Lucien Mettomo DF 4 0 (0) 2002-2003
0%
1811 Lukas Jutkiewicz FW 1 0 (0) 2008-2009
0%
1063 Luke Wilkshire DF, FW 21 0 (0) 2001-2003
0%
1693 Maceo Rigters FW 2 0 (0) 2007-2008
0%
1516 Madjid Bougherra DF 5 0 (0) 2006-2007
0%
1629 Malik Buari DF, MF 3 0 (0) 2003-2004
0%
1477 Marcelino Elena DF 6 0 (0) 2000-2001
0%
1631 Mario Espartero MF 3 0 (0) 2001-2002
0%
1444 Mark Burchill FW 7 1 (1) 2000-2001
0%
635 Martin Djetou DF, MF 54 1 (1) 2002-2003, 2005-2006
0%
1262 Martin Grainger DF 13 1 (2) 2002-2004
0%
1574 Martyn Waghorn MF, FW 4 0 (0) 2007-2009
0%
1212 Marvin Emnes MF, FW 15 0 (0) 2008-2009
0%
1815 Mathew Birley MF 1 0 (0) 2005-2006
0%
1315 Mathieu Berson MF 11 0 (0) 2004-2005
0%
1065 Matt Duke GK 21 0 (0) 2008-2010
0%
1408 Matteo Ferrari DF 8 0 (0) 2005-2006
0%
925 Matt Piper MF 29 1 (1) 2001-2003
0%
1700 Matt Ritchie DF, MF, FW 2 0 (0) 2009-2010
0%
1235 Mauro Zárate MF, FW 14 4 (1) 2007-2008
0%
1448 Mbulelo Mabizela DF, MF 7 1 (0) 2003-2005
0%
1701 Michael Reddy FW 2 0 (0) 2000-2001
0%
1069 Míchel Salgado DF 21 0 (1) 2009-2010
0%
1575 Mickaël Debève MF 4 0 (0) 2001-2002
0%
703 Mike Whitlow DF 46 0 (4) 2001-2003
0%
1819 Miles Addison DF, MF 1 0 (0) 2007-2008
0%
1820 Mineiro MF 1 0 (0) 2008-2009
0%
1702 Moses Ashikodi FW 2 0 (0) 2006-2007
0%
1409 Muhamed Konjić DF 8 0 (0) 2000-2001
0%
1703 Nabil Abidallah MF 2 0 (0) 2000-2001
0%
1823 Nathan Eccleston FW 1 0 (0) 2009-2010
0%
1522 Neil Danns MF 5 0 (0) 2002-2003, 2007-2008
0%
1636 Nicola Ventola FW 3 1 (0) 2004-2005
0%
1579 Ognjen Koroman MF 4 1 (0) 2005-2007
0%
1344 Oguchi Onyewu DF 10 0 (0) 2006-2007
0%
704 Olivier Kapo MF, FW 46 6 (1) 2007-2010
0%
1825 Omar Pouso MF 1 0 (0) 2006-2007
0%
1265 Pablo Couñago FW 13 0 (0) 2001-2002
0%
1706 Paolo Vernazza MF 2 1 (0) 2000-2001
0%
1410 Patrice Carteron DF 8 1 (1) 2000-2001
0%
1827 Patrice Luzi GK 1 0 (0) 2003-2004
0%
1707 Patrick Foletti GK 2 0 (0) 2001-2002
0%
1370 Patrick M'Boma FW 9 1 (0) 2001-2002
0%
759 Paul Boertien DF 40 1 (2) 2000-2002
0%
1637 Paul Brooker MF 3 0 (0) 2003-2004
0%
846 Paul Devlin MF 34 3 (1) 2002-2004
0%
1638 Paul Ifill MF, FW 3 0 (0) 2006-2007
0%
1285 Paul Ritchie DF 12 0 (0) 2000-2001
0%
780 Paul Thirlwell MF 38 0 (0) 2000-2003
0%
1639 Pelé DF 3 0 (0) 2008-2009
0%
1830 Per Krøldrup DF 1 0 (0) 2005-2006
0%
1451 Peter Canero MF 7 0 (0) 2003-2004
0%
1145 Péter Halmosi DF, MF 18 0 (0) 2008-2009
0%
1831 Péter Kurucz GK 1 0 (0) 2009-2010
0%
847 Phil Gilchrist DF 34 0 (0) 2000-2001, 2002-2003
0%
1640 Philip Ifil DF 3 0 (0) 2004-2005, 2006-2007
0%
1452 Philipp Degen DF, FW 7 0 (0) 2009-2010
0%
1120 Pierre Ducrocq DF, MF 19 0 (0) 2001-2002
0%
1832 Piotr Świerczewski MF 1 0 (0) 2002-2003
0%
1453 Ragnvald Soma DF 7 0 (0) 2000-2002
0%
1527 Richard Kingson GK 5 0 (0) 2007-2009
0%
1146 Riga Mustapha MF, FW 18 0 (0) 2008-2010
0%
826 Robert Koren DF, MF 35 1 (2) 2008-2009
0%
1836 Robert Milsom DF, MF 1 0 (0) 2008-2009
0%
1582 Roberto Mancini FW 4 0 (0) 2000-2001
0%
1027 Ronald Zubar DF 23 1 (2) 2009-2010
0%
1838 Ryan Garry DF, MF 1 0 (0) 2002-2003
0%
1529 Salva Ballesta FW 5 0 (0) 2002-2003
0%
1645 Sam Sodje DF 3 0 (0) 2006-2007
0%
1840 Scott Golbourne DF, MF 1 0 (0) 2007-2008
0%
811 Sean Gregan DF 36 1 (0) 2002-2003
0%
1319 Sean Thornton MF 11 1 (0) 2002-2003
0%
915 Shaun Maloney MF, FW 30 5 (1) 2006-2008
0%
1376 Silas MF 9 0 (0) 2003-2004
0%
1094 Simo Valakari MF 20 1 (1) 2000-2002
0%
1073 Stanislav Varga DF 21 1 (0) 2000-2002
0%
1844 Stathis Tavlaridis DF 1 0 (0) 2002-2003
0%
1412 Stefan Maierhofer FW 8 1 (0) 2009-2010
0%
942 Stefano Eranio MF 28 2 (6) 2000-2001
0%
1321 Stefano Okaka FW 11 2 (0) 2009-2010
0%
1413 Stefan Schnoor DF 8 0 (1) 2000-2001
0%
1716 Stefan Wessels GK 2 0 (0) 2007-2008
0%
1534 Steve Gohouri DF 5 1 (0) 2009-2010
0%
1149 Steve Kabba FW 18 0 (2) 2006-2007
0%
1241 Stig Tøfting MF 14 0 (1) 2001-2003
0%
798 Stuart McCall MF 37 1 (0) 2000-2001
0%
1031 Sylvan Ebanks-Blake FW 23 2 (0) 2009-2010
0%
751 Tamir Cohen MF 41 5 (3) 2007-2010
0%
1173 Teddy Lučić DF 17 1 (0) 2002-2003
0%
1851 Terry Dunfield MF 1 0 (0) 2000-2001
0%
1323 Tom Cairney MF, FW 11 1 (0) 2009-2010
0%
1648 Tope Obadeyi MF, FW 3 0 (0) 2008-2009
0%
1325 Valéry Mézague MF 11 0 (0) 2004-2005
0%
1153 Vasilis Lakis MF, FW 18 0 (1) 2004-2005
0%
1267 Vladimír Labant DF 13 0 (2) 2001-2003
0%
1589 Vladimir Stojković GK 4 0 (0) 2009-2010
0%
1244 Willem Korsten MF 14 3 (0) 2000-2001
0%
1378 Will Hoskins FW 9 0 (0) 2006-2007
0%
1294 Yoann Folly MF 12 0 (0) 2003-2005
0%
1459 Yordi FW 7 2 (0) 2001-2002
0%
1001 Youl Mawéné DF 25 1 (0) 2000-2002
0%
1221 Ysrael Zúñiga FW 15 1 (0) 2000-2001
0%
No matching quizzes found
Score Distribution
Percent of People with Each Score
Percentile by Number Answered
Your Score History
You have not taken this quiz